{"text_format":"3","workbook":"xlsx","n_sheets":2,"sheets":["Estimate","Sub Calcs"],"not_rendered":{"defined_names":4},"read":"whole","date_system":"1900"}

{"sheet":"Estimate","index":0,"n_rows":150,"n_cols":22,"rows_kept":150,"merged":[[0,4,2,5],[0,6,2,7],[0,8,2,9],[0,10,2,11],[0,12,2,13],[0,14,2,15],[0,16,2,17],[0,18,2,19],[0,20,0,21],[1,20,1,21],[2,20,2,21],[3,0,4,0],[3,1,4,1],[3,2,4,2],[3,4,4,4],[3,5,4,5],[3,6,4,6],[3,7,4,7],[3,8,4,8],[3,9,4,9],[3,10,4,10],[3,11,4,11],[3,12,4,12],[3,13,4,13],[3,14,4,14],[3,15,4,15],[3,16,4,16],[3,17,4,17],[3,18,4,18],[3,19,4,19],[3,20,4,20],[3,21,4,21],[149,4,149,5],[149,6,149,7],[149,8,149,9],[149,10,149,11],[149,12,149,13],[149,14,149,15],[149,16,149,17],[149,18,149,19],[149,20,149,21]]}
["BID TABULATION",null,"DATE:","2011-10-18","Engineer's Estimate (HNTB)",null,"Miles Excavating, Inc.",null,"McAnany Construction",null,"O'Donnell & Sons Const. Co. Inc.",null,"Pyramid Excavation & Construction, Inc.",null,"APAC-Kansas, Inc. Kansas City Division",null,"Amino Brothers Co., Inc.",null,"J. M. Fahey Construction Company",null,"Average Bid"]
["PROJECT: Quivira Road Widening (99th Street to 105th Street) (TH-0948)",{"$nulls":19},"(Does not include Engineer's"]
["OWNER: City of Overland Park, Kansas",{"$nulls":19},"Estimate or High Bid)"]
["Item No.","Item","Unit","Quantity","Unit Price","Total","Unit Price","Total","Unit Price","Total","Unit Price","Total","Unit Price","Total","Unit Price","Total","Unit Price","Total","Unit Price","Total","Unit Price","Total"]
[{"$nulls":3},"Total"]
[1,"Maintenance Bond ","Lump Sum",1,{"v":30000,"d":"$30,000"},{"$f":"IF((ISNUMBER($D6)),$D6*E6,\"\")","v":{"v":30000,"d":"$30,000.00"}},{"v":8000,"d":"$8,000.00"},{"$f":"IF((ISNUMBER($D6)),$D6*G6,\"\")","v":{"v":8000,"d":"$8,000.00"}},{"v":68000,"d":"$68,000.00"},{"$f":"IF((ISNUMBER($D6)),$D6*I6,\"\")","v":{"v":68000,"d":"$68,000.00"}},{"v":2500,"d":"$2,500.00"},{"$f":"IF((ISNUMBER($D6)),$D6*K6,\"\")","v":{"v":2500,"d":"$2,500.00"}},{"v":11000,"d":"$11,000.00"},{"$f":"IF((ISNUMBER($D6)),$D6*M6,\"\")","v":{"v":11000,"d":"$11,000.00"}},{"v":37500,"d":"$37,500.00"},{"$f":"IF((ISNUMBER($D6)),$D6*O6,\"\")","v":{"v":37500,"d":"$37,500.00"}},{"v":48270,"d":"$48,270.00"},{"$f":"IF((ISNUMBER($D6)),$D6*Q6,\"\")","v":{"v":48270,"d":"$48,270.00"}},{"v":41000,"d":"$41,000.00"},{"$f":"IF((ISNUMBER($D6)),$D6*S6,\"\")","v":{"v":41000,"d":"$41,000.00"}},{"$f":"IF(ISNUMBER($D6),ROUND(AVERAGE(G6,I6,K6,M6,O6,Q6),2),\"\")","v":{"v":29211.67,"d":"$29,211.67"}},{"$f":"IF(ISNUMBER($D6),ROUND(U6*D6,2),\"\")","v":{"v":29211.67,"d":"$29,211.67"}}]
[2,"Contractor Construction Staking","Lump Sum",1,{"v":45000,"d":"$45,000"},{"$f":"IF((ISNUMBER($D7)),$D7*E7,\"\")","v":{"v":45000,"d":"$45,000.00"}},{"v":25000,"d":"$25,000.00"},{"$f":"IF((ISNUMBER($D7)),$D7*G7,\"\")","v":{"v":25000,"d":"$25,000.00"}},{"v":49875,"d":"$49,875.00"},{"$f":"IF((ISNUMBER($D7)),$D7*I7,\"\")","v":{"v":49875,"d":"$49,875.00"}},{"v":25000,"d":"$25,000.00"},{"$f":"IF((ISNUMBER($D7)),$D7*K7,\"\")","v":{"v":25000,"d":"$25,000.00"}},{"v":40000,"d":"$40,000.00"},{"$f":"IF((ISNUMBER($D7)),$D7*M7,\"\")","v":{"v":40000,"d":"$40,000.00"}},{"v":35000,"d":"$35,000.00"},{"$f":"IF((ISNUMBER($D7)),$D7*O7,\"\")","v":{"v":35000,"d":"$35,000.00"}},{"v":12800,"d":"$12,800.00"},{"$f":"IF((ISNUMBER($D7)),$D7*Q7,\"\")","v":{"v":12800,"d":"$12,800.00"}},{"v":20000,"d":"$20,000.00"},{"$f":"IF((ISNUMBER($D7)),$D7*S7,\"\")","v":{"v":20000,"d":"$20,000.00"}},{"$f":"IF(ISNUMBER($D7),ROUND(AVERAGE(G7,I7,K7,M7,O7,Q7),2),\"\")","v":{"v":31279.17,"d":"$31,279.17"}},{"$f":"IF(ISNUMBER($D7),ROUND(U7*D7,2),\"\")","v":{"v":31279.17,"d":"$31,279.17"}}]
[3,"Clearing and Grubbing","Lump Sum",1,{"v":102000,"d":"$102,000"},{"v":102000,"d":"$102,000.00"},{"v":50000,"d":"$50,000.00"},{"v":50000,"d":"$50,000.00"},{"v":60000,"d":"$60,000.00"},{"v":60000,"d":"$60,000.00"},{"v":82705,"d":"$82,705.00"},{"v":82705,"d":"$82,705.00"},{"v":50000,"d":"$50,000.00"},{"v":50000,"d":"$50,000.00"},{"v":9080,"d":"$9,080.00"},{"v":9080,"d":"$9,080.00"},{"v":9900,"d":"$9,900.00"},{"v":9900,"d":"$9,900.00"},{"v":9900,"d":"$9,900.00"},{"v":9900,"d":"$9,900.00"},{"v":43614.17,"d":"$43,614.17"},{"v":43614.17,"d":"$43,614.17"}]
[4,"Removal of Existing Structures","Lump Sum",1,{"v":102000,"d":"$102,000"},{"v":102000,"d":"$102,000.00"},{"v":60000,"d":"$60,000.00"},{"v":60000,"d":"$60,000.00"},{"v":68490.24,"d":"$68,490.24"},{"v":68490.24,"d":"$68,490.24"},{"v":395000,"d":"$395,000.00"},{"v":395000,"d":"$395,000.00"},{"v":400000,"d":"$400,000.00"},{"v":400000,"d":"$400,000.00"},{"v":157500,"d":"$157,500.00"},{"v":157500,"d":"$157,500.00"},{"v":78125,"d":"$78,125.00"},{"v":78125,"d":"$78,125.00"},{"v":144853.35,"d":"$144,853.35"},{"v":144853.35,"d":"$144,853.35"},{"v":193185.87,"d":"$193,185.87"},{"v":193185.87,"d":"$193,185.87"}]
[5,"Force Account (Set)","Lump Sum",1,{"v":200000,"d":"$200,000"},{"v":200000,"d":"$200,000.00"},{"v":200000,"d":"$200,000.00"},{"v":200000,"d":"$200,000.00"},{"v":200000,"d":"$200,000.00"},{"v":200000,"d":"$200,000.00"},{"v":200000,"d":"$200,000.00"},{"v":200000,"d":"$200,000.00"},{"v":200000,"d":"$200,000.00"},{"v":200000,"d":"$200,000.00"},{"v":200000,"d":"$200,000.00"},{"v":200000,"d":"$200,000.00"},{"v":200000,"d":"$200,000.00"},{"v":200000,"d":"$200,000.00"},{"v":200000,"d":"$200,000.00"},{"v":200000,"d":"$200,000.00"},{"v":200000,"d":"$200,000.00"},{"v":200000,"d":"$200,000.00"}]
[" ",{"$nulls":4},"",null,"",null,"",null,"",null,"",null,"",null,"",null,"","",""]
[6,"Unclassified Excavation","Cu. Yd.",{"v":25121,"d":"25,121"},{"v":20,"d":"$20"},{"v":502420,"d":"$502,420.00"},{"v":17.75,"d":"$17.75"},{"v":445897.75,"d":"$445,897.75"},{"v":14,"d":"$14.00"},{"v":351694,"d":"$351,694.00"},{"v":15.5,"d":"$15.50"},{"v":389375.5,"d":"$389,375.50"},{"v":10,"d":"$10.00"},{"v":251210,"d":"$251,210.00"},{"v":22.3,"d":"$22.30"},{"v":560198.3,"d":"$560,198.30"},{"v":23.71,"d":"$23.71"},{"v":595618.91,"d":"$595,618.91"},{"v":28.5,"d":"$28.50"},{"v":715948.5,"d":"$715,948.50"},{"v":17.21,"d":"$17.21"},{"v":432332.41,"d":"$432,332.41"}]
[7,"Compaction of Earthwork (All Types)","Cu. Yd.",287,{"v":6,"d":"$6"},{"v":1722,"d":"$1,722.00"},{"v":12.55,"d":"$12.55"},{"v":3601.8500000000004,"d":"$3,601.85"},{"v":13,"d":"$13.00"},{"v":3731,"d":"$3,731.00"},{"v":18,"d":"$18.00"},{"v":5166,"d":"$5,166.00"},{"v":5,"d":"$5.00"},{"v":1435,"d":"$1,435.00"},{"v":5,"d":"$5.00"},{"v":1435,"d":"$1,435.00"},{"v":3.77,"d":"$3.77"},{"v":1081.99,"d":"$1,081.99"},{"v":10,"d":"$10.00"},{"v":2870,"d":"$2,870.00"},{"v":9.55,"d":"$9.55"},{"v":2740.85,"d":"$2,740.85"}]
[8,"Excavation (Unsuitable)","Cu. Yd.",500,{"v":30,"d":"$30"},{"v":15000,"d":"$15,000.00"},{"v":15.75,"d":"$15.75"},{"v":7875,"d":"$7,875.00"},{"v":15,"d":"$15.00"},{"v":7500,"d":"$7,500.00"},{"v":25,"d":"$25.00"},{"v":12500,"d":"$12,500.00"},{"v":45,"d":"$45.00"},{"v":22500,"d":"$22,500.00"},{"v":10,"d":"$10.00"},{"v":5000,"d":"$5,000.00"},{"v":26.72,"d":"$26.72"},{"v":13360,"d":"$13,360.00"},{"v":25,"d":"$25.00"},{"v":12500,"d":"$12,500.00"},{"v":22.91,"d":"$22.91"},{"v":11455,"d":"$11,455.00"}]
[9,"Excavation (Unstable)","Cu. Yd.",500,{"v":30,"d":"$30"},{"v":15000,"d":"$15,000.00"},{"v":15.75,"d":"$15.75"},{"v":7875,"d":"$7,875.00"},{"v":15,"d":"$15.00"},{"v":7500,"d":"$7,500.00"},{"v":25,"d":"$25.00"},{"v":12500,"d":"$12,500.00"},{"v":45,"d":"$45.00"},{"v":22500,"d":"$22,500.00"},{"v":10,"d":"$10.00"},{"v":5000,"d":"$5,000.00"},{"v":26.72,"d":"$26.72"},{"v":13360,"d":"$13,360.00"},{"v":25,"d":"$25.00"},{"v":12500,"d":"$12,500.00"},{"v":22.91,"d":"$22.91"},{"v":11455,"d":"$11,455.00"}]
[10,"Topsoil","Cu. Yd.",{"v":2545,"d":"2,545"},{"v":10,"d":"$10"},{"v":25450,"d":"$25,450.00"},{"v":13.75,"d":"$13.75"},{"v":34993.75,"d":"$34,993.75"},{"v":1,"d":"$1.00"},{"v":2545,"d":"$2,545.00"},{"v":20,"d":"$20.00"},{"v":50900,"d":"$50,900.00"},{"v":24,"d":"$24.00"},{"v":61080,"d":"$61,080.00"},{"v":10.55,"d":"$10.55"},{"v":26849.75,"d":"$26,849.75"},{"v":18.76,"d":"$18.76"},{"v":47744.200000000004,"d":"$47,744.20"},{"v":25,"d":"$25.00"},{"v":63625,"d":"$63,625.00"},{"v":14.68,"d":"$14.68"},{"v":37360.6,"d":"$37,360.60"}]
[" ",{"$nulls":4},"",null,"",null,"",null,"",null,"",null,"",null,"",null,"","",""]
[11,"Asphaltic Concrete Surface Course","Ton",{"v":4642,"d":"4,642"},{"v":70,"d":"$70"},{"v":324940,"d":"$324,940.00"},{"v":67.5,"d":"$67.50"},{"v":313335,"d":"$313,335.00"},{"v":62.5,"d":"$62.50"},{"v":290125,"d":"$290,125.00"},{"v":56.5,"d":"$56.50"},{"v":262273,"d":"$262,273.00"},{"v":65,"d":"$65.00"},{"v":301730,"d":"$301,730.00"},{"v":72.95,"d":"$72.95"},{"v":338633.9,"d":"$338,633.90"},{"v":65.45,"d":"$65.45"},{"v":303818.9,"d":"$303,818.90"},{"v":80,"d":"$80.00"},{"v":371360,"d":"$371,360.00"},{"v":64.98,"d":"$64.98"},{"v":301637.16,"d":"$301,637.16"}]
[12,"Asphaltic Concrete Intermediate Course","Ton",{"v":22623,"d":"22,623"},{"v":60,"d":"$60"},{"v":1357380,"d":"$1,357,380.00"},{"v":67.5,"d":"$67.50"},{"v":1527052.5,"d":"$1,527,052.50"},{"v":60.35,"d":"$60.35"},{"v":1365298.05,"d":"$1,365,298.05"},{"v":57.25,"d":"$57.25"},{"v":1295166.75,"d":"$1,295,166.75"},{"v":62,"d":"$62.00"},{"v":1402626,"d":"$1,402,626.00"},{"v":68.2,"d":"$68.20"},{"v":1542888.6,"d":"$1,542,888.60"},{"v":66.6,"d":"$66.60"},{"v":1506691.7999999998,"d":"$1,506,691.80"},{"v":70,"d":"$70.00"},{"v":1583610,"d":"$1,583,610.00"},{"v":63.65,"d":"$63.65"},{"v":1439953.95,"d":"$1,439,953.95"}]
[" ",{"$nulls":4},"",null,"",null,"",null,"",null,"",null,"",null,"",null,"","",""]
[13,"Temporary Surfacing Material (Commercial Grade Asphaltic Concrete)","Ton",{"v":2630,"d":"2,630"},{"v":70,"d":"$70"},{"v":184100,"d":"$184,100.00"},{"v":69,"d":"$69.00"},{"v":181470,"d":"$181,470.00"},{"v":60,"d":"$60.00"},{"v":157800,"d":"$157,800.00"},{"v":58,"d":"$58.00"},{"v":152540,"d":"$152,540.00"},{"v":62,"d":"$62.00"},{"v":163060,"d":"$163,060.00"},{"v":69.9,"d":"$69.90"},{"v":183837.00000000003,"d":"$183,837.00"},{"v":71.8,"d":"$71.80"},{"v":188834,"d":"$188,834.00"},{"v":68,"d":"$68.00"},{"v":178840,"d":"$178,840.00"},{"v":65.12,"d":"$65.12"},{"v":171265.6,"d":"$171,265.60"}]
[14,"Temporary Surfacing Material (Commercial Grade Asphaltic Concrete)(Sidewalk)","Ton",220,{"v":80,"d":"$80"},{"v":17600,"d":"$17,600.00"},{"v":105,"d":"$105.00"},{"v":23100,"d":"$23,100.00"},{"v":125,"d":"$125.00"},{"v":27500,"d":"$27,500.00"},{"v":65,"d":"$65.00"},{"v":14300,"d":"$14,300.00"},{"v":125,"d":"$125.00"},{"v":27500,"d":"$27,500.00"},{"v":93.95,"d":"$93.95"},{"v":20669,"d":"$20,669.00"},{"v":78.9,"d":"$78.90"},{"v":17358,"d":"$17,358.00"},{"v":90,"d":"$90.00"},{"v":19800,"d":"$19,800.00"},{"v":98.81,"d":"$98.81"},{"v":21738.2,"d":"$21,738.20"}]
[15,"Temporary Surfacing Material (Type AB-3)","Ton",100,{"v":20,"d":"$20"},{"v":2000,"d":"$2,000.00"},{"v":18.5,"d":"$18.50"},{"v":1850,"d":"$1,850.00"},{"v":30,"d":"$30.00"},{"v":3000,"d":"$3,000.00"},{"v":30,"d":"$30.00"},{"v":3000,"d":"$3,000.00"},{"v":25,"d":"$25.00"},{"v":2500,"d":"$2,500.00"},{"v":25.1,"d":"$25.10"},{"v":2510,"d":"$2,510.00"},{"v":22.25,"d":"$22.25"},{"v":2225,"d":"$2,225.00"},{"v":70,"d":"$70.00"},{"v":7000,"d":"$7,000.00"},{"v":25.14,"d":"$25.14"},{"v":2514,"d":"$2,514.00"}]
[" ",{"$nulls":4},"",null,"",null,"",null,"",null,"",null,"",null,"",null,"","",""]
[16,"Fly Ash","Ton",{"v":2319,"d":"2,319"},{"v":50,"d":"$50"},{"v":115950,"d":"$115,950.00"},{"v":38,"d":"$38.00"},{"v":88122,"d":"$88,122.00"},{"v":40,"d":"$40.00"},{"v":92760,"d":"$92,760.00"},{"v":35,"d":"$35.00"},{"v":81165,"d":"$81,165.00"},{"v":42,"d":"$42.00"},{"v":97398,"d":"$97,398.00"},{"v":38,"d":"$38.00"},{"v":88122,"d":"$88,122.00"},{"v":65.83,"d":"$65.83"},{"v":152659.77,"d":"$152,659.77"},{"v":40,"d":"$40.00"},{"v":92760,"d":"$92,760.00"},{"v":43.14,"d":"$43.14"},{"v":100041.66,"d":"$100,041.66"}]
[17,"Manipulation For Fly Ash Treated Subgrade (8\")","Sq. Yd.",{"v":41832,"d":"41,832"},{"v":3,"d":"$3"},{"v":125496,"d":"$125,496.00"},{"v":3,"d":"$3.00"},{"v":125496,"d":"$125,496.00"},{"v":3.5,"d":"$3.50"},{"v":146412,"d":"$146,412.00"},{"v":2,"d":"$2.00"},{"v":83664,"d":"$83,664.00"},{"v":2.75,"d":"$2.75"},{"v":115038,"d":"$115,038.00"},{"v":2,"d":"$2.00"},{"v":83664,"d":"$83,664.00"},{"v":4.64,"d":"$4.64"},{"v":194100.47999999998,"d":"$194,100.48"},{"v":7,"d":"$7.00"},{"v":292824,"d":"$292,824.00"},{"v":2.98,"d":"$2.98"},{"v":124659.36,"d":"$124,659.36"}]
[18,"Aggregate Base Course (OP Special)","Sq. Yd.",{"v":1915,"d":"1,915"},{"v":10,"d":"$10"},{"v":19150,"d":"$19,150.00"},{"v":8.25,"d":"$8.25"},{"v":15798.75,"d":"$15,798.75"},{"v":15.5,"d":"$15.50"},{"v":29682.5,"d":"$29,682.50"},{"v":19.5,"d":"$19.50"},{"v":37342.5,"d":"$37,342.50"},{"v":8,"d":"$8.00"},{"v":15320,"d":"$15,320.00"},{"v":12.5,"d":"$12.50"},{"v":23937.5,"d":"$23,937.50"},{"v":16.89,"d":"$16.89"},{"v":32344.350000000002,"d":"$32,344.35"},{"v":15,"d":"$15.00"},{"v":28725,"d":"$28,725.00"},{"v":13.44,"d":"$13.44"},{"v":25737.6,"d":"$25,737.60"}]
[19,"Milling (Total Width Cut) (2\")","Sq. Yd.",992,{"v":4,"d":"$4"},{"v":3968,"d":"$3,968.00"},{"v":4.5,"d":"$4.50"},{"v":4464,"d":"$4,464.00"},{"v":4,"d":"$4.00"},{"v":3968,"d":"$3,968.00"},{"v":4.5,"d":"$4.50"},{"v":4464,"d":"$4,464.00"},{"v":8,"d":"$8.00"},{"v":7936,"d":"$7,936.00"},{"v":6.45,"d":"$6.45"},{"v":6398.400000000001,"d":"$6,398.40"},{"v":7.5,"d":"$7.50"},{"v":7440,"d":"$7,440.00"},{"v":12.7,"d":"$12.70"},{"v":12598.4,"d":"$12,598.40"},{"v":5.83,"d":"$5.83"},{"v":5783.36,"d":"$5,783.36"}]
[20,"Street Sweeping","Lump Sum",1,{"v":10000,"d":"$10,000"},{"v":10000,"d":"$10,000.00"},{"v":4000,"d":"$4,000.00"},{"v":4000,"d":"$4,000.00"},{"v":2000,"d":"$2,000.00"},{"v":2000,"d":"$2,000.00"},{"v":7500,"d":"$7,500.00"},{"v":7500,"d":"$7,500.00"},{"v":1500,"d":"$1,500.00"},{"v":1500,"d":"$1,500.00"},{"v":500,"d":"$500.00"},{"v":500,"d":"$500.00"},{"v":7500,"d":"$7,500.00"},{"v":7500,"d":"$7,500.00"},{"v":1500,"d":"$1,500.00"},{"v":1500,"d":"$1,500.00"},{"v":3833.33,"d":"$3,833.33"},{"v":3833.33,"d":"$3,833.33"}]
[21,"Street Washing","Lane Mile",5.5,{"v":400,"d":"$400"},{"v":2200,"d":"$2,200.00"},{"v":1200,"d":"$1,200.00"},{"v":6600,"d":"$6,600.00"},{"v":3650,"d":"$3,650.00"},{"v":20075,"d":"$20,075.00"},{"v":750,"d":"$750.00"},{"v":4125,"d":"$4,125.00"},{"v":1200,"d":"$1,200.00"},{"v":6600,"d":"$6,600.00"},{"v":250,"d":"$250.00"},{"v":1375,"d":"$1,375.00"},{"v":750,"d":"$750.00"},{"v":4125,"d":"$4,125.00"},{"v":1000,"d":"$1,000.00"},{"v":5500,"d":"$5,500.00"},{"v":1300,"d":"$1,300.00"},{"v":7150,"d":"$7,150.00"}]
[22,"Pothole Repair","Sq. Ft.",{"v":250,"d":"250.0"},{"v":20,"d":"$20"},{"v":5000,"d":"$5,000.00"},{"v":28,"d":"$28.00"},{"v":7000,"d":"$7,000.00"},{"v":20,"d":"$20.00"},{"v":5000,"d":"$5,000.00"},{"v":10,"d":"$10.00"},{"v":2500,"d":"$2,500.00"},{"v":56,"d":"$56.00"},{"v":14000,"d":"$14,000.00"},{"v":11,"d":"$11.00"},{"v":2750,"d":"$2,750.00"},{"v":60.85,"d":"$60.85"},{"v":15212.5,"d":"$15,212.50"},{"v":30,"d":"$30.00"},{"v":7500,"d":"$7,500.00"},{"v":30.98,"d":"$30.98"},{"v":7745,"d":"$7,745.00"}]
[23,"Special Cleaning of Milled Surfaces","Lump Sum",1,{"v":6000,"d":"$6,000"},{"v":6000,"d":"$6,000.00"},{"v":850,"d":"$850.00"},{"v":850,"d":"$850.00"},{"v":16800,"d":"$16,800.00"},{"v":16800,"d":"$16,800.00"},{"v":2500,"d":"$2,500.00"},{"v":2500,"d":"$2,500.00"},{"v":1500,"d":"$1,500.00"},{"v":1500,"d":"$1,500.00"},{"v":250,"d":"$250.00"},{"v":250,"d":"$250.00"},{"v":2500,"d":"$2,500.00"},{"v":2500,"d":"$2,500.00"},{"v":1500,"d":"$1,500.00"},{"v":1500,"d":"$1,500.00"},{"v":4066.67,"d":"$4,066.67"},{"v":4066.67,"d":"$4,066.67"}]
[" ",{"$nulls":4},"",null,"",null,"",null,"",null,"",null,"",null,"",null,"","",""]
[24,"Curb and Gutter, Combined (Type A)","Lin. Ft.",653,{"v":25,"d":"$25"},{"v":16325,"d":"$16,325.00"},{"v":18,"d":"$18.00"},{"v":11754,"d":"$11,754.00"},{"v":18.85,"d":"$18.85"},{"v":12309.050000000001,"d":"$12,309.05"},{"v":15,"d":"$15.00"},{"v":9795,"d":"$9,795.00"},{"v":15,"d":"$15.00"},{"v":9795,"d":"$9,795.00"},{"v":28.3,"d":"$28.30"},{"v":18479.9,"d":"$18,479.90"},{"v":26.6,"d":"$26.60"},{"v":17369.8,"d":"$17,369.80"},{"v":17,"d":"$17.00"},{"v":11101,"d":"$11,101.00"},{"v":20.29,"d":"$20.29"},{"v":13249.37,"d":"$13,249.37"}]
[25,"Curb and Gutter, Combined (Type B)","Lin. Ft.",{"v":7746,"d":"7,746"},{"v":15,"d":"$15"},{"v":116190,"d":"$116,190.00"},{"v":15.15,"d":"$15.15"},{"v":117351.90000000001,"d":"$117,351.90"},{"v":20.5,"d":"$20.50"},{"v":158793,"d":"$158,793.00"},{"v":18,"d":"$18.00"},{"v":139428,"d":"$139,428.00"},{"v":20,"d":"$20.00"},{"v":154920,"d":"$154,920.00"},{"v":16.9,"d":"$16.90"},{"v":130907.4,"d":"$130,907.40"},{"v":19.12,"d":"$19.12"},{"v":148103.52000000002,"d":"$148,103.52"},{"v":16,"d":"$16.00"},{"v":123936,"d":"$123,936.00"},{"v":18.28,"d":"$18.28"},{"v":141596.88,"d":"$141,596.88"}]
[26,"Curb and Gutter, Combined (Type C)","Lin. Ft.",30,{"v":25,"d":"$25"},{"v":750,"d":"$750.00"},{"v":15.15,"d":"$15.15"},{"v":454.5,"d":"$454.50"},{"v":20.5,"d":"$20.50"},{"v":615,"d":"$615.00"},{"v":17.5,"d":"$17.50"},{"v":525,"d":"$525.00"},{"v":35,"d":"$35.00"},{"v":1050,"d":"$1,050.00"},{"v":17.75,"d":"$17.75"},{"v":532.5,"d":"$532.50"},{"v":30.96,"d":"$30.96"},{"v":928.8000000000001,"d":"$928.80"},{"v":20,"d":"$20.00"},{"v":600,"d":"$600.00"},{"v":22.81,"d":"$22.81"},{"v":684.3,"d":"$684.30"}]
[27,"Curb and Gutter, Combined (Type E)","Lin. Ft.",{"v":6386,"d":"6,386"},{"v":20,"d":"$20"},{"v":127720,"d":"$127,720.00"},{"v":15.15,"d":"$15.15"},{"v":96747.90000000001,"d":"$96,747.90"},{"v":18.9,"d":"$18.90"},{"v":120695.4,"d":"$120,695.40"},{"v":15.5,"d":"$15.50"},{"v":98983,"d":"$98,983.00"},{"v":18,"d":"$18.00"},{"v":114948,"d":"$114,948.00"},{"v":15.45,"d":"$15.45"},{"v":98663.7,"d":"$98,663.70"},{"v":16.47,"d":"$16.47"},{"v":105177.42,"d":"$105,177.42"},{"v":16,"d":"$16.00"},{"v":102176,"d":"$102,176.00"},{"v":16.58,"d":"$16.58"},{"v":105879.88,"d":"$105,879.88"}]
[28,"Curb (Type D)","Lin. Ft.",167,{"v":10,"d":"$10"},{"v":1670,"d":"$1,670.00"},{"v":11,"d":"$11.00"},{"v":1837,"d":"$1,837.00"},{"v":14.7,"d":"$14.70"},{"v":2454.9,"d":"$2,454.90"},{"v":15.5,"d":"$15.50"},{"v":2588.5,"d":"$2,588.50"},{"v":45,"d":"$45.00"},{"v":7515,"d":"$7,515.00"},{"v":29.95,"d":"$29.95"},{"v":5001.65,"d":"$5,001.65"},{"v":17.38,"d":"$17.38"},{"v":2902.46,"d":"$2,902.46"},{"v":14,"d":"$14.00"},{"v":2338,"d":"$2,338.00"},{"v":22.26,"d":"$22.26"},{"v":3717.42,"d":"$3,717.42"}]
[29,"Concrete Median Nose","Each",12,{"v":800,"d":"$800"},{"v":9600,"d":"$9,600.00"},{"v":550,"d":"$550.00"},{"v":6600,"d":"$6,600.00"},{"v":782.25,"d":"$782.25"},{"v":9387,"d":"$9,387.00"},{"v":1000,"d":"$1,000.00"},{"v":12000,"d":"$12,000.00"},{"v":900,"d":"$900.00"},{"v":10800,"d":"$10,800.00"},{"v":975,"d":"$975.00"},{"v":11700,"d":"$11,700.00"},{"v":705,"d":"$705.00"},{"v":8460,"d":"$8,460.00"},{"v":1575,"d":"$1,575.00"},{"v":18900,"d":"$18,900.00"},{"v":818.71,"d":"$818.71"},{"v":9824.52,"d":"$9,824.52"}]
[30,"Sidewalk Construction (4\")","Sq. Ft.",{"v":35025,"d":"35,025"},{"v":3,"d":"$3"},{"v":105075,"d":"$105,075.00"},{"v":3.15,"d":"$3.15"},{"v":110328.75,"d":"$110,328.75"},{"v":3.15,"d":"$3.15"},{"v":110328.75,"d":"$110,328.75"},{"v":4,"d":"$4.00"},{"v":140100,"d":"$140,100.00"},{"v":3.25,"d":"$3.25"},{"v":113831.25,"d":"$113,831.25"},{"v":3.25,"d":"$3.25"},{"v":113831.25,"d":"$113,831.25"},{"v":3.27,"d":"$3.27"},{"v":114531.75,"d":"$114,531.75"},{"v":3.25,"d":"$3.25"},{"v":113831.25,"d":"$113,831.25"},{"v":3.35,"d":"$3.35"},{"v":117333.75,"d":"$117,333.75"}]
[31,"Sidewalk Ramp with Detectable Warning Surface","Sq. Ft.",{"v":3790,"d":"3,790"},{"v":28,"d":"$28"},{"v":106120,"d":"$106,120.00"},{"v":7.7,"d":"$7.70"},{"v":29183,"d":"$29,183.00"},{"v":7.77,"d":"$7.77"},{"v":29448.3,"d":"$29,448.30"},{"v":7.5,"d":"$7.50"},{"v":28425,"d":"$28,425.00"},{"v":10,"d":"$10.00"},{"v":37900,"d":"$37,900.00"},{"v":12.9,"d":"$12.90"},{"v":48891,"d":"$48,891.00"},{"v":9.57,"d":"$9.57"},{"v":36270.3,"d":"$36,270.30"},{"v":7.5,"d":"$7.50"},{"v":28425,"d":"$28,425.00"},{"v":9.24,"d":"$9.24"},{"v":35019.6,"d":"$35,019.60"}]
[32,"Detectable Warning Surface","Sq. Ft.",565,{"v":39,"d":"$39"},{"v":22035,"d":"$22,035.00"},{"v":19.75,"d":"$19.75"},{"v":11158.75,"d":"$11,158.75"},{"v":57.75,"d":"$57.75"},{"v":32628.75,"d":"$32,628.75"},{"v":57,"d":"$57.00"},{"v":32205,"d":"$32,205.00"},{"v":45,"d":"$45.00"},{"v":25425,"d":"$25,425.00"},{"v":38.8,"d":"$38.80"},{"v":21922,"d":"$21,922.00"},{"v":44.58,"d":"$44.58"},{"v":25187.7,"d":"$25,187.70"},{"v":19.75,"d":"$19.75"},{"v":11158.75,"d":"$11,158.75"},{"v":43.81,"d":"$43.81"},{"v":24752.65,"d":"$24,752.65"}]
[33,"Concrete Paver Stones","Sq. Ft.",{"v":5521,"d":"5,521"},{"v":10,"d":"$10"},{"v":55210,"d":"$55,210.00"},{"v":10.5,"d":"$10.50"},{"v":57970.5,"d":"$57,970.50"},{"v":13.55,"d":"$13.55"},{"v":74809.55,"d":"$74,809.55"},{"v":12.5,"d":"$12.50"},{"v":69012.5,"d":"$69,012.50"},{"v":10,"d":"$10.00"},{"v":55210,"d":"$55,210.00"},{"v":13.6,"d":"$13.60"},{"v":75085.59999999999,"d":"$75,085.60"},{"v":11.26,"d":"$11.26"},{"v":62166.46,"d":"$62,166.46"},{"v":11,"d":"$11.00"},{"v":60731,"d":"$60,731.00"},{"v":11.9,"d":"$11.90"},{"v":65699.9,"d":"$65,699.90"}]
[34,"Concrete Pavement (6\" Entrance)","Sq. Yd.",109,{"v":50,"d":"$50"},{"v":5450,"d":"$5,450.00"},{"v":49.75,"d":"$49.75"},{"v":5422.75,"d":"$5,422.75"},{"v":47.25,"d":"$47.25"},{"v":5150.25,"d":"$5,150.25"},{"v":47.5,"d":"$47.50"},{"v":5177.5,"d":"$5,177.50"},{"v":70,"d":"$70.00"},{"v":7630,"d":"$7,630.00"},{"v":61.85,"d":"$61.85"},{"v":6741.650000000001,"d":"$6,741.65"},{"v":69.71,"d":"$69.71"},{"v":7598.389999999999,"d":"$7,598.39"},{"v":53,"d":"$53.00"},{"v":5777,"d":"$5,777.00"},{"v":57.68,"d":"$57.68"},{"v":6287.12,"d":"$6,287.12"}]
[" ",{"$nulls":4},"",null,"",null,"",null,"",null,"",null,"",null,"",null,"","",""]
[35,"KCMMB 4K Concrete (ISRW) ","Cu. Yd.",40.2,{"v":600,"d":"$600"},{"v":24120,"d":"$24,120.00"},{"v":890,"d":"$890.00"},{"v":35778,"d":"$35,778.00"},{"v":761.25,"d":"$761.25"},{"v":30602.250000000004,"d":"$30,602.25"},{"v":725,"d":"$725.00"},{"v":29145.000000000004,"d":"$29,145.00"},{"v":600,"d":"$600.00"},{"v":24120,"d":"$24,120.00"},{"v":820,"d":"$820.00"},{"v":32964,"d":"$32,964.00"},{"v":721.5,"d":"$721.50"},{"v":29004.300000000003,"d":"$29,004.30"},{"v":725,"d":"$725.00"},{"v":29145.000000000004,"d":"$29,145.00"},{"v":752.96,"d":"$752.96"},{"v":30268.99,"d":"$30,268.99"}]
[36,"KCMMB 4K Concrete (Steps) ","Cu. Yd.",0.5,{"v":2000,"d":"$2,000"},{"v":1000,"d":"$1,000.00"},{"v":1500,"d":"$1,500.00"},{"v":750,"d":"$750.00"},{"v":2100,"d":"$2,100.00"},{"v":1050,"d":"$1,050.00"},{"v":5000,"d":"$5,000.00"},{"v":2500,"d":"$2,500.00"},{"v":1200,"d":"$1,200.00"},{"v":600,"d":"$600.00"},{"v":2035,"d":"$2,035.00"},{"v":1017.5,"d":"$1,017.50"},{"v":2000,"d":"$2,000.00"},{"v":1000,"d":"$1,000.00"},{"v":2000,"d":"$2,000.00"},{"v":1000,"d":"$1,000.00"},{"v":2305.83,"d":"$2,305.83"},{"v":1152.92,"d":"$1,152.92"}]
[37,"Handrail (Metal) (42\")","Lin. Ft.",5.3,{"v":300,"d":"$300"},{"v":1590,"d":"$1,590.00"},{"v":155,"d":"$155.00"},{"v":821.5,"d":"$821.50"},{"v":89.25,"d":"$89.25"},{"v":473.025,"d":"$473.03"},{"v":160,"d":"$160.00"},{"v":848,"d":"$848.00"},{"v":85,"d":"$85.00"},{"v":450.5,"d":"$450.50"},{"v":151,"d":"$151.00"},{"v":800.3,"d":"$800.30"},{"v":150.94,"d":"$150.94"},{"v":799.982,"d":"$799.98"},{"v":151,"d":"$151.00"},{"v":800.3,"d":"$800.30"},{"v":131.87,"d":"$131.87"},{"v":698.91,"d":"$698.91"}]
[" ",{"$nulls":4},"",null,"",null,"",null,"",null,"",null,"",null,"",null,"","",""]
[38,"Manhole (Sanitary) (48\"to 60\" Dia.)","Each",3,{"v":2000,"d":"$2,000"},{"v":6000,"d":"$6,000.00"},{"v":3035,"d":"$3,035.00"},{"v":9105,"d":"$9,105.00"},{"v":6825,"d":"$6,825.00"},{"v":20475,"d":"$20,475.00"},{"v":6500,"d":"$6,500.00"},{"v":19500,"d":"$19,500.00"},{"v":7000,"d":"$7,000.00"},{"v":21000,"d":"$21,000.00"},{"v":5750,"d":"$5,750.00"},{"v":17250,"d":"$17,250.00"},{"v":6130,"d":"$6,130.00"},{"v":18390,"d":"$18,390.00"},{"v":5400,"d":"$5,400.00"},{"v":16200,"d":"$16,200.00"},{"v":5873.33,"d":"$5,873.33"},{"v":17619.99,"d":"$17,619.99"}]
[39,"Sanitary Sewer Encasement","Lin. Ft.",{"v":77,"d":"77.0"},{"v":200,"d":"$200"},{"v":15400,"d":"$15,400.00"},{"v":115,"d":"$115.00"},{"v":8855,"d":"$8,855.00"},{"v":210,"d":"$210.00"},{"v":16170,"d":"$16,170.00"},{"v":110,"d":"$110.00"},{"v":8470,"d":"$8,470.00"},{"v":120,"d":"$120.00"},{"v":9240,"d":"$9,240.00"},{"v":290,"d":"$290.00"},{"v":22330,"d":"$22,330.00"},{"v":122.9,"d":"$122.90"},{"v":9463.300000000001,"d":"$9,463.30"},{"v":70,"d":"$70.00"},{"v":5390,"d":"$5,390.00"},{"v":161.32,"d":"$161.32"},{"v":12421.64,"d":"$12,421.64"}]
[40,"Adjustment of Manholes","Each",11,{"v":1500,"d":"$1,500"},{"v":16500,"d":"$16,500.00"},{"v":850,"d":"$850.00"},{"v":9350,"d":"$9,350.00"},{"v":1470,"d":"$1,470.00"},{"v":16170,"d":"$16,170.00"},{"v":1000,"d":"$1,000.00"},{"v":11000,"d":"$11,000.00"},{"v":1500,"d":"$1,500.00"},{"v":16500,"d":"$16,500.00"},{"v":1070,"d":"$1,070.00"},{"v":11770,"d":"$11,770.00"},{"v":1145,"d":"$1,145.00"},{"v":12595,"d":"$12,595.00"},{"v":3600,"d":"$3,600.00"},{"v":39600,"d":"$39,600.00"},{"v":1172.5,"d":"$1,172.50"},{"v":12897.5,"d":"$12,897.50"}]
[" ",{"$nulls":4},"",null,"",null,"",null,"",null,"",null,"",null,"",null,"","",""]
[41,"Modification of Structure (Curb Inlet to Junction Box)","Each",15,{"v":1200,"d":"$1,200"},{"v":18000,"d":"$18,000.00"},{"v":1250,"d":"$1,250.00"},{"v":18750,"d":"$18,750.00"},{"v":2940,"d":"$2,940.00"},{"v":44100,"d":"$44,100.00"},{"v":4085,"d":"$4,085.00"},{"v":61275,"d":"$61,275.00"},{"v":1200,"d":"$1,200.00"},{"v":18000,"d":"$18,000.00"},{"v":1225,"d":"$1,225.00"},{"v":18375,"d":"$18,375.00"},{"v":1305,"d":"$1,305.00"},{"v":19575,"d":"$19,575.00"},{"v":2800,"d":"$2,800.00"},{"v":42000,"d":"$42,000.00"},{"v":2000.83,"d":"$2,000.83"},{"v":30012.45,"d":"$30,012.45"}]
[42,"Adjustment of Curb Inlet","Each",1,{"v":1500,"d":"$1,500"},{"v":1500,"d":"$1,500.00"},{"v":1765,"d":"$1,765.00"},{"v":1765,"d":"$1,765.00"},{"v":2940,"d":"$2,940.00"},{"v":2940,"d":"$2,940.00"},{"v":3600,"d":"$3,600.00"},{"v":3600,"d":"$3,600.00"},{"v":1200,"d":"$1,200.00"},{"v":1200,"d":"$1,200.00"},{"v":1070,"d":"$1,070.00"},{"v":1070,"d":"$1,070.00"},{"v":1145,"d":"$1,145.00"},{"v":1145,"d":"$1,145.00"},{"v":2500,"d":"$2,500.00"},{"v":2500,"d":"$2,500.00"},{"v":1953.33,"d":"$1,953.33"},{"v":1953.33,"d":"$1,953.33"}]
[43,"Adjustment of Junction Box","Each",4,{"v":1500,"d":"$1,500"},{"v":6000,"d":"$6,000.00"},{"v":1765,"d":"$1,765.00"},{"v":7060,"d":"$7,060.00"},{"v":1680,"d":"$1,680.00"},{"v":6720,"d":"$6,720.00"},{"v":3600,"d":"$3,600.00"},{"v":14400,"d":"$14,400.00"},{"v":1200,"d":"$1,200.00"},{"v":4800,"d":"$4,800.00"},{"v":1070,"d":"$1,070.00"},{"v":4280,"d":"$4,280.00"},{"v":1145,"d":"$1,145.00"},{"v":4580,"d":"$4,580.00"},{"v":3000,"d":"$3,000.00"},{"v":12000,"d":"$12,000.00"},{"v":1743.33,"d":"$1,743.33"},{"v":6973.32,"d":"$6,973.32"}]
[44,"Inlet (5' x 3') (Curb)","Each",5,{"v":4000,"d":"$4,000"},{"v":20000,"d":"$20,000.00"},{"v":2805,"d":"$2,805.00"},{"v":14025,"d":"$14,025.00"},{"v":3150,"d":"$3,150.00"},{"v":15750,"d":"$15,750.00"},{"v":3600,"d":"$3,600.00"},{"v":18000,"d":"$18,000.00"},{"v":4000,"d":"$4,000.00"},{"v":20000,"d":"$20,000.00"},{"v":3450,"d":"$3,450.00"},{"v":17250,"d":"$17,250.00"},{"v":3680,"d":"$3,680.00"},{"v":18400,"d":"$18,400.00"},{"v":5400,"d":"$5,400.00"},{"v":27000,"d":"$27,000.00"},{"v":3447.5,"d":"$3,447.50"},{"v":17237.5,"d":"$17,237.50"}]
[45,"Inlet (6' x 3') (Curb)","Each",1,{"v":4200,"d":"$4,200"},{"v":4200,"d":"$4,200.00"},{"v":3200,"d":"$3,200.00"},{"v":3200,"d":"$3,200.00"},{"v":3465,"d":"$3,465.00"},{"v":3465,"d":"$3,465.00"},{"v":3850,"d":"$3,850.00"},{"v":3850,"d":"$3,850.00"},{"v":6000,"d":"$6,000.00"},{"v":6000,"d":"$6,000.00"},{"v":3400,"d":"$3,400.00"},{"v":3400,"d":"$3,400.00"},{"v":3625,"d":"$3,625.00"},{"v":3625,"d":"$3,625.00"},{"v":5500,"d":"$5,500.00"},{"v":5500,"d":"$5,500.00"},{"v":3923.33,"d":"$3,923.33"},{"v":3923.33,"d":"$3,923.33"}]
[46,"Inlet (6' x 4') (Curb)","Each",13,{"v":4400,"d":"$4,400"},{"v":57200,"d":"$57,200.00"},{"v":2935,"d":"$2,935.00"},{"v":38155,"d":"$38,155.00"},{"v":3570,"d":"$3,570.00"},{"v":46410,"d":"$46,410.00"},{"v":4535,"d":"$4,535.00"},{"v":58955,"d":"$58,955.00"},{"v":5000,"d":"$5,000.00"},{"v":65000,"d":"$65,000.00"},{"v":3820,"d":"$3,820.00"},{"v":49660,"d":"$49,660.00"},{"v":4075,"d":"$4,075.00"},{"v":52975,"d":"$52,975.00"},{"v":5600,"d":"$5,600.00"},{"v":72800,"d":"$72,800.00"},{"v":3989.17,"d":"$3,989.17"},{"v":51859.21,"d":"$51,859.21"}]
[47,"Inlet (6' x 5') (Curb)","Each",1,{"v":4500,"d":"$4,500"},{"v":4500,"d":"$4,500.00"},{"v":3375,"d":"$3,375.00"},{"v":3375,"d":"$3,375.00"},{"v":3675,"d":"$3,675.00"},{"v":3675,"d":"$3,675.00"},{"v":4850,"d":"$4,850.00"},{"v":4850,"d":"$4,850.00"},{"v":5400,"d":"$5,400.00"},{"v":5400,"d":"$5,400.00"},{"v":4960,"d":"$4,960.00"},{"v":4960,"d":"$4,960.00"},{"v":5290,"d":"$5,290.00"},{"v":5290,"d":"$5,290.00"},{"v":5750,"d":"$5,750.00"},{"v":5750,"d":"$5,750.00"},{"v":4591.67,"d":"$4,591.67"},{"v":4591.67,"d":"$4,591.67"}]
[48,"Inlet (8' x 4') (Curb)","Each",3,{"v":5000,"d":"$5,000"},{"v":15000,"d":"$15,000.00"},{"v":3400,"d":"$3,400.00"},{"v":10200,"d":"$10,200.00"},{"v":4200,"d":"$4,200.00"},{"v":12600,"d":"$12,600.00"},{"v":5220,"d":"$5,220.00"},{"v":15660,"d":"$15,660.00"},{"v":5400,"d":"$5,400.00"},{"v":16200,"d":"$16,200.00"},{"v":5480,"d":"$5,480.00"},{"v":16440,"d":"$16,440.00"},{"v":4420,"d":"$4,420.00"},{"v":13260,"d":"$13,260.00"},{"v":5800,"d":"$5,800.00"},{"v":17400,"d":"$17,400.00"},{"v":4686.67,"d":"$4,686.67"},{"v":14060.01,"d":"$14,060.01"}]
[49,"Inlet (6' x 3') (Curb) (with Flume)","Each",2,{"v":5500,"d":"$5,500"},{"v":11000,"d":"$11,000.00"},{"v":4100,"d":"$4,100.00"},{"v":8200,"d":"$8,200.00"},{"v":3675,"d":"$3,675.00"},{"v":7350,"d":"$7,350.00"},{"v":5200,"d":"$5,200.00"},{"v":10400,"d":"$10,400.00"},{"v":6000,"d":"$6,000.00"},{"v":12000,"d":"$12,000.00"},{"v":7240,"d":"$7,240.00"},{"v":14480,"d":"$14,480.00"},{"v":6505,"d":"$6,505.00"},{"v":13010,"d":"$13,010.00"},{"v":5900,"d":"$5,900.00"},{"v":11800,"d":"$11,800.00"},{"v":5453.33,"d":"$5,453.33"},{"v":10906.66,"d":"$10,906.66"}]
[50,"Inlet (6' x 4') (Curb) (with Flume)","Each",1,{"v":5600,"d":"$5,600"},{"v":5600,"d":"$5,600.00"},{"v":3785,"d":"$3,785.00"},{"v":3785,"d":"$3,785.00"},{"v":3465,"d":"$3,465.00"},{"v":3465,"d":"$3,465.00"},{"v":4300,"d":"$4,300.00"},{"v":4300,"d":"$4,300.00"},{"v":5500,"d":"$5,500.00"},{"v":5500,"d":"$5,500.00"},{"v":5760,"d":"$5,760.00"},{"v":5760,"d":"$5,760.00"},{"v":4930,"d":"$4,930.00"},{"v":4930,"d":"$4,930.00"},{"v":5500,"d":"$5,500.00"},{"v":5500,"d":"$5,500.00"},{"v":4623.33,"d":"$4,623.33"},{"v":4623.33,"d":"$4,623.33"}]
[51,"Inlet (8' x 3') (Curb) (with Flume)","Each",1,{"v":6000,"d":"$6,000"},{"v":6000,"d":"$6,000.00"},{"v":3830,"d":"$3,830.00"},{"v":3830,"d":"$3,830.00"},{"v":3885,"d":"$3,885.00"},{"v":3885,"d":"$3,885.00"},{"v":5220,"d":"$5,220.00"},{"v":5220,"d":"$5,220.00"},{"v":6000,"d":"$6,000.00"},{"v":6000,"d":"$6,000.00"},{"v":6915,"d":"$6,915.00"},{"v":6915,"d":"$6,915.00"},{"v":6105,"d":"$6,105.00"},{"v":6105,"d":"$6,105.00"},{"v":6100,"d":"$6,100.00"},{"v":6100,"d":"$6,100.00"},{"v":5325.83,"d":"$5,325.83"},{"v":5325.83,"d":"$5,325.83"}]
[52,"Inlet (10' x 3') (Curb) (with Flume)","Each",1,{"v":6200,"d":"$6,200"},{"v":6200,"d":"$6,200.00"},{"v":3855,"d":"$3,855.00"},{"v":3855,"d":"$3,855.00"},{"v":4200,"d":"$4,200.00"},{"v":4200,"d":"$4,200.00"},{"v":6100,"d":"$6,100.00"},{"v":6100,"d":"$6,100.00"},{"v":6400,"d":"$6,400.00"},{"v":6400,"d":"$6,400.00"},{"v":6750,"d":"$6,750.00"},{"v":6750,"d":"$6,750.00"},{"v":6005,"d":"$6,005.00"},{"v":6005,"d":"$6,005.00"},{"v":6500,"d":"$6,500.00"},{"v":6500,"d":"$6,500.00"},{"v":5551.67,"d":"$5,551.67"},{"v":5551.67,"d":"$5,551.67"}]
[53,"Junction Box (4' x 4')","Each",2,{"v":3500,"d":"$3,500"},{"v":7000,"d":"$7,000.00"},{"v":2805,"d":"$2,805.00"},{"v":5610,"d":"$5,610.00"},{"v":3045,"d":"$3,045.00"},{"v":6090,"d":"$6,090.00"},{"v":3250,"d":"$3,250.00"},{"v":6500,"d":"$6,500.00"},{"v":3000,"d":"$3,000.00"},{"v":6000,"d":"$6,000.00"},{"v":3550,"d":"$3,550.00"},{"v":7100,"d":"$7,100.00"},{"v":3785,"d":"$3,785.00"},{"v":7570,"d":"$7,570.00"},{"v":5300,"d":"$5,300.00"},{"v":10600,"d":"$10,600.00"},{"v":3239.17,"d":"$3,239.17"},{"v":6478.34,"d":"$6,478.34"}]
[54,"Junction Box (8' x 4')","Each",1,{"v":5500,"d":"$5,500"},{"v":5500,"d":"$5,500.00"},{"v":3165,"d":"$3,165.00"},{"v":3165,"d":"$3,165.00"},{"v":4095,"d":"$4,095.00"},{"v":4095,"d":"$4,095.00"},{"v":4775,"d":"$4,775.00"},{"v":4775,"d":"$4,775.00"},{"v":4000,"d":"$4,000.00"},{"v":4000,"d":"$4,000.00"},{"v":4360,"d":"$4,360.00"},{"v":4360,"d":"$4,360.00"},{"v":4655,"d":"$4,655.00"},{"v":4655,"d":"$4,655.00"},{"v":8000,"d":"$8,000.00"},{"v":8000,"d":"$8,000.00"},{"v":4175,"d":"$4,175.00"},{"v":4175,"d":"$4,175.00"}]
[55,"15\" Storm Sewer (RCP Class III)","Lin. Ft.",442.75,{"v":60,"d":"$60"},{"v":26565,"d":"$26,565.00"},{"v":63.3,"d":"$63.30"},{"v":28026.074999999997,"d":"$28,026.08"},{"v":76.65,"d":"$76.65"},{"v":33936.787500000006,"d":"$33,936.79"},{"v":65,"d":"$65.00"},{"v":28778.75,"d":"$28,778.75"},{"v":120,"d":"$120.00"},{"v":53130,"d":"$53,130.00"},{"v":94.35,"d":"$94.35"},{"v":41773.462499999994,"d":"$41,773.46"},{"v":100.6,"d":"$100.60"},{"v":44540.649999999994,"d":"$44,540.65"},{"v":91,"d":"$91.00"},{"v":40290.25,"d":"$40,290.25"},{"v":86.65,"d":"$86.65"},{"v":38364.29,"d":"$38,364.29"}]
[56,"21\" Storm Sewer (RCP Class III)","Lin. Ft.",75.22,{"v":80,"d":"$80"},{"v":6017.6,"d":"$6,017.60"},{"v":127,"d":"$127.00"},{"v":9552.94,"d":"$9,552.94"},{"v":73.5,"d":"$73.50"},{"v":5528.67,"d":"$5,528.67"},{"v":75,"d":"$75.00"},{"v":5641.5,"d":"$5,641.50"},{"v":200,"d":"$200.00"},{"v":15044,"d":"$15,044.00"},{"v":100,"d":"$100.00"},{"v":7522,"d":"$7,522.00"},{"v":106.7,"d":"$106.70"},{"v":8025.974,"d":"$8,025.97"},{"v":106,"d":"$106.00"},{"v":7973.32,"d":"$7,973.32"},{"v":113.7,"d":"$113.70"},{"v":8552.51,"d":"$8,552.51"}]
[57,"30\" Storm Sewer (RCP Class III)","Lin. Ft.",22.12,{"v":95,"d":"$95"},{"v":2101.4,"d":"$2,101.40"},{"v":141,"d":"$141.00"},{"v":3118.92,"d":"$3,118.92"},{"v":116.55,"d":"$116.55"},{"v":2578.0860000000002,"d":"$2,578.09"},{"v":120,"d":"$120.00"},{"v":2654.4,"d":"$2,654.40"},{"v":225,"d":"$225.00"},{"v":4977,"d":"$4,977.00"},{"v":120.6,"d":"$120.60"},{"v":2667.672,"d":"$2,667.67"},{"v":128.6,"d":"$128.60"},{"v":2844.632,"d":"$2,844.63"},{"v":142,"d":"$142.00"},{"v":3141.04,"d":"$3,141.04"},{"v":141.96,"d":"$141.96"},{"v":3140.16,"d":"$3,140.16"}]
[58,"48\" Storm Sewer (RCP Class III)","Lin. Ft.",44.23,{"v":150,"d":"$150"},{"$f":"IF((ISNUMBER($D71)),$D71*E71,\"\")","v":{"v":6634.499999999999,"d":"$6,634.50"}},{"v":205,"d":"$205.00"},{"$f":"IF((ISNUMBER($D71)),$D71*G71,\"\")","v":{"v":9067.15,"d":"$9,067.15"}},{"v":136.5,"d":"$136.50"},{"$f":"IF((ISNUMBER($D71)),$D71*I71,\"\")","v":{"v":6037.3949999999995,"d":"$6,037.40"}},{"v":300,"d":"$300.00"},{"$f":"IF((ISNUMBER($D71)),$D71*K71,\"\")","v":{"v":13268.999999999998,"d":"$13,269.00"}},{"v":250,"d":"$250.00"},{"$f":"IF((ISNUMBER($D71)),$D71*M71,\"\")","v":{"v":11057.5,"d":"$11,057.50"}},{"v":160.5,"d":"$160.50"},{"$f":"IF((ISNUMBER($D71)),$D71*O71,\"\")","v":{"v":7098.914999999999,"d":"$7,098.92"}},{"v":171.15,"d":"$171.15"},{"$f":"IF((ISNUMBER($D71)),$D71*Q71,\"\")","v":{"v":7569.9645,"d":"$7,569.96"}},{"v":173,"d":"$173.00"},{"$f":"IF((ISNUMBER($D71)),$D71*S71,\"\")","v":{"v":7651.789999999999,"d":"$7,651.79"}},{"$f":"IF(ISNUMBER($D71),ROUND(AVERAGE(G71,I71,K71,M71,O71,Q71),2),\"\")","v":{"v":203.86,"d":"$203.86"}},{"$f":"IF(ISNUMBER($D71),ROUND(U71*D71,2),\"\")","v":{"v":9016.73,"d":"$9,016.73"}}]
[59,"Concrete Pipe Collar","Each",6,{"v":800,"d":"$800"},{"v":4800,"d":"$4,800.00"},{"v":525,"d":"$525.00"},{"v":3150,"d":"$3,150.00"},{"v":1050,"d":"$1,050.00"},{"v":6300,"d":"$6,300.00"},{"v":1500,"d":"$1,500.00"},{"v":9000,"d":"$9,000.00"},{"v":1000,"d":"$1,000.00"},{"v":6000,"d":"$6,000.00"},{"v":780,"d":"$780.00"},{"v":4680,"d":"$4,680.00"},{"v":835,"d":"$835.00"},{"v":5010,"d":"$5,010.00"},{"v":1116,"d":"$1,116.00"},{"v":6696,"d":"$6,696.00"},{"v":948.33,"d":"$948.33"},{"v":5689.98,"d":"$5,689.98"}]
[60,"Pipe Underdrain (6\")(Type H or Type L)","Lin. Ft.",{"v":10486,"d":"10,486"},{"v":16,"d":"$16"},{"v":167776,"d":"$167,776.00"},{"v":12.5,"d":"$12.50"},{"v":131075,"d":"$131,075.00"},{"v":12.6,"d":"$12.60"},{"v":132123.6,"d":"$132,123.60"},{"v":11.75,"d":"$11.75"},{"v":123210.5,"d":"$123,210.50"},{"v":12,"d":"$12.00"},{"v":125832,"d":"$125,832.00"},{"v":14.8,"d":"$14.80"},{"v":155192.80000000002,"d":"$155,192.80"},{"v":15.8,"d":"$15.80"},{"v":165678.80000000002,"d":"$165,678.80"},{"v":16.5,"d":"$16.50"},{"v":173019,"d":"$173,019.00"},{"v":13.24,"d":"$13.24"},{"v":138834.64,"d":"$138,834.64"}]
[61,"Outlet Pipe (6\")(Type K or Type E)","Lin. Ft.",{"v":1649,"d":"1,649"},{"v":16,"d":"$16"},{"v":26384,"d":"$26,384.00"},{"v":14.5,"d":"$14.50"},{"v":23910.5,"d":"$23,910.50"},{"v":12.6,"d":"$12.60"},{"v":20777.399999999998,"d":"$20,777.40"},{"v":11.75,"d":"$11.75"},{"v":19375.75,"d":"$19,375.75"},{"v":12,"d":"$12.00"},{"v":19788,"d":"$19,788.00"},{"v":14.8,"d":"$14.80"},{"v":24405.2,"d":"$24,405.20"},{"v":15.8,"d":"$15.80"},{"v":26054.2,"d":"$26,054.20"},{"v":16.5,"d":"$16.50"},{"v":27208.5,"d":"$27,208.50"},{"v":13.58,"d":"$13.58"},{"v":22393.42,"d":"$22,393.42"}]
[" ",{"$nulls":4},"",null,"",null,"",null,"",null,"",null,"",null,"",null,"","",""]
[62,"Lawn Sprinkler System (Tract 27)","Lump Sum",1,{"v":3000,"d":"$3,000"},{"v":3000,"d":"$3,000.00"},{"v":1875,"d":"$1,875.00"},{"v":1875,"d":"$1,875.00"},{"v":3780,"d":"$3,780.00"},{"v":3780,"d":"$3,780.00"},{"v":1825,"d":"$1,825.00"},{"v":1825,"d":"$1,825.00"},{"v":1000,"d":"$1,000.00"},{"v":1000,"d":"$1,000.00"},{"v":1865,"d":"$1,865.00"},{"v":1865,"d":"$1,865.00"},{"v":465,"d":"$465.00"},{"v":465,"d":"$465.00"},{"v":1825,"d":"$1,825.00"},{"v":1825,"d":"$1,825.00"},{"v":1801.67,"d":"$1,801.67"},{"v":1801.67,"d":"$1,801.67"}]
[63,"Lawn Sprinkler System (Trible)","Lump Sum",1,{"v":5000,"d":"$5,000"},{"v":5000,"d":"$5,000.00"},{"v":3450,"d":"$3,450.00"},{"v":3450,"d":"$3,450.00"},{"v":5460,"d":"$5,460.00"},{"v":5460,"d":"$5,460.00"},{"v":3350,"d":"$3,350.00"},{"v":3350,"d":"$3,350.00"},{"v":1500,"d":"$1,500.00"},{"v":1500,"d":"$1,500.00"},{"v":3420,"d":"$3,420.00"},{"v":3420,"d":"$3,420.00"},{"v":1072,"d":"$1,072.00"},{"v":1072,"d":"$1,072.00"},{"v":3350,"d":"$3,350.00"},{"v":3350,"d":"$3,350.00"},{"v":3042,"d":"$3,042.00"},{"v":3042,"d":"$3,042.00"}]
[64,"Lawn Sprinkler System (Montrachet)","Lump Sum",1,{"v":15000,"d":"$15,000"},{"v":15000,"d":"$15,000.00"},{"v":11500,"d":"$11,500.00"},{"v":11500,"d":"$11,500.00"},{"v":26250,"d":"$26,250.00"},{"v":26250,"d":"$26,250.00"},{"v":22570,"d":"$22,570.00"},{"v":22570,"d":"$22,570.00"},{"v":15000,"d":"$15,000.00"},{"v":15000,"d":"$15,000.00"},{"v":23030,"d":"$23,030.00"},{"v":23030,"d":"$23,030.00"},{"v":11292,"d":"$11,292.00"},{"v":11292,"d":"$11,292.00"},{"v":22570,"d":"$22,570.00"},{"v":22570,"d":"$22,570.00"},{"v":18273.67,"d":"$18,273.67"},{"v":18273.67,"d":"$18,273.67"}]
[65,"Lawn Sprinkler System (Median)","Lump Sum",1,{"v":27000,"d":"$27,000"},{"v":27000,"d":"$27,000.00"},{"v":67000,"d":"$67,000.00"},{"v":67000,"d":"$67,000.00"},{"v":65730,"d":"$65,730.00"},{"v":65730,"d":"$65,730.00"},{"v":93060,"d":"$93,060.00"},{"v":93060,"d":"$93,060.00"},{"v":80000,"d":"$80,000.00"},{"v":80000,"d":"$80,000.00"},{"v":94960,"d":"$94,960.00"},{"v":94960,"d":"$94,960.00"},{"v":66280,"d":"$66,280.00"},{"v":66280,"d":"$66,280.00"},{"v":93060,"d":"$93,060.00"},{"v":93060,"d":"$93,060.00"},{"v":77838.33,"d":"$77,838.33"},{"v":77838.33,"d":"$77,838.33"}]
[" ",{"$nulls":4},"",null,"",null,"",null,"",null,"",null,"",null,"",null,"","",""]
[66,"Fence (Temporary Chain Link)(6')","Lin. Ft.",{"v":1738,"d":"1,738"},{"v":18,"d":"$18"},{"v":31284,"d":"$31,284.00"},{"v":6.5,"d":"$6.50"},{"v":11297,"d":"$11,297.00"},{"v":6.3,"d":"$6.30"},{"v":10949.4,"d":"$10,949.40"},{"v":6.25,"d":"$6.25"},{"v":10862.5,"d":"$10,862.50"},{"v":6.25,"d":"$6.25"},{"v":10862.5,"d":"$10,862.50"},{"v":6.25,"d":"$6.25"},{"v":10862.5,"d":"$10,862.50"},{"v":6.25,"d":"$6.25"},{"v":10862.5,"d":"$10,862.50"},{"v":6.25,"d":"$6.25"},{"v":10862.5,"d":"$10,862.50"},{"v":6.3,"d":"$6.30"},{"v":10949.4,"d":"$10,949.40"}]
[67,"Fence (Temporary Construction)","Lin. Ft.",{"v":1000,"d":"1,000"},{"v":8,"d":"$8"},{"v":8000,"d":"$8,000.00"},{"v":2,"d":"$2.00"},{"v":2000,"d":"$2,000.00"},{"v":4.2,"d":"$4.20"},{"v":4200,"d":"$4,200.00"},{"v":1.9,"d":"$1.90"},{"v":1900,"d":"$1,900.00"},{"v":2.5,"d":"$2.50"},{"v":2500,"d":"$2,500.00"},{"v":1.9,"d":"$1.90"},{"v":1900,"d":"$1,900.00"},{"v":1.9,"d":"$1.90"},{"v":1900,"d":"$1,900.00"},{"v":1.9,"d":"$1.90"},{"v":1900,"d":"$1,900.00"},{"v":2.4,"d":"$2.40"},{"v":2400,"d":"$2,400.00"}]
[68,"Fence (Permanent Wood Privacy) (Tract 5)","Lin. Ft.",82,{"v":40,"d":"$40"},{"v":3280,"d":"$3,280.00"},{"v":20.65,"d":"$20.65"},{"v":1693.3,"d":"$1,693.30"},{"v":28.9,"d":"$28.90"},{"v":2369.7999999999997,"d":"$2,369.80"},{"v":20.25,"d":"$20.25"},{"v":1660.5,"d":"$1,660.50"},{"v":24,"d":"$24.00"},{"v":1968,"d":"$1,968.00"},{"v":20.15,"d":"$20.15"},{"v":1652.3,"d":"$1,652.30"},{"v":20.12,"d":"$20.12"},{"v":1649.8400000000001,"d":"$1,649.84"},{"v":21,"d":"$21.00"},{"v":1722,"d":"$1,722.00"},{"v":22.35,"d":"$22.35"},{"v":1832.7,"d":"$1,832.70"}]
[69,"Fence (Permanent Wood Privacy) (Tract 6)","Lin. Ft.",86,{"v":40,"d":"$40"},{"v":3440,"d":"$3,440.00"},{"v":20.65,"d":"$20.65"},{"v":1775.8999999999999,"d":"$1,775.90"},{"v":28.88,"d":"$28.88"},{"v":2483.68,"d":"$2,483.68"},{"v":20.25,"d":"$20.25"},{"v":1741.5,"d":"$1,741.50"},{"v":24,"d":"$24.00"},{"v":2064,"d":"$2,064.00"},{"v":20.15,"d":"$20.15"},{"v":1732.8999999999999,"d":"$1,732.90"},{"v":20.12,"d":"$20.12"},{"v":1730.3200000000002,"d":"$1,730.32"},{"v":21,"d":"$21.00"},{"v":1806,"d":"$1,806.00"},{"v":22.34,"d":"$22.34"},{"v":1921.24,"d":"$1,921.24"}]
[70,"Fence (Permanent Wood Privacy) (Tract 7)","Lin. Ft.",71,{"v":40,"d":"$40"},{"v":2840,"d":"$2,840.00"},{"v":20.65,"d":"$20.65"},{"v":1466.1499999999999,"d":"$1,466.15"},{"v":28.88,"d":"$28.88"},{"v":2050.48,"d":"$2,050.48"},{"v":20.25,"d":"$20.25"},{"v":1437.75,"d":"$1,437.75"},{"v":24,"d":"$24.00"},{"v":1704,"d":"$1,704.00"},{"v":20.15,"d":"$20.15"},{"v":1430.6499999999999,"d":"$1,430.65"},{"v":20.12,"d":"$20.12"},{"v":1428.52,"d":"$1,428.52"},{"v":21,"d":"$21.00"},{"v":1491,"d":"$1,491.00"},{"v":22.34,"d":"$22.34"},{"v":1586.14,"d":"$1,586.14"}]
[71,"Fence (Permanent Wood Privacy) (Tract 8)","Lin. Ft.",74,{"v":40,"d":"$40"},{"v":2960,"d":"$2,960.00"},{"v":20.65,"d":"$20.65"},{"v":1528.1,"d":"$1,528.10"},{"v":28.88,"d":"$28.88"},{"v":2137.12,"d":"$2,137.12"},{"v":20.25,"d":"$20.25"},{"v":1498.5,"d":"$1,498.50"},{"v":24,"d":"$24.00"},{"v":1776,"d":"$1,776.00"},{"v":20.15,"d":"$20.15"},{"v":1491.1,"d":"$1,491.10"},{"v":20.12,"d":"$20.12"},{"v":1488.88,"d":"$1,488.88"},{"v":21,"d":"$21.00"},{"v":1554,"d":"$1,554.00"},{"v":22.34,"d":"$22.34"},{"v":1653.16,"d":"$1,653.16"}]
[72,"Fence (Permanent Wood Privacy) (Tract 12)","Lin. Ft.",72,{"v":40,"d":"$40"},{"v":2880,"d":"$2,880.00"},{"v":20.65,"d":"$20.65"},{"v":1486.8,"d":"$1,486.80"},{"v":28.88,"d":"$28.88"},{"v":2079.36,"d":"$2,079.36"},{"v":20.25,"d":"$20.25"},{"v":1458,"d":"$1,458.00"},{"v":24,"d":"$24.00"},{"v":1728,"d":"$1,728.00"},{"v":20.15,"d":"$20.15"},{"v":1450.8,"d":"$1,450.80"},{"v":20.12,"d":"$20.12"},{"v":1448.64,"d":"$1,448.64"},{"v":21,"d":"$21.00"},{"v":1512,"d":"$1,512.00"},{"v":22.34,"d":"$22.34"},{"v":1608.48,"d":"$1,608.48"}]
[73,"Fence (Permanent Wood Privacy) (Tract 13)","Lin. Ft.",73,{"v":40,"d":"$40"},{"v":2920,"d":"$2,920.00"},{"v":20.65,"d":"$20.65"},{"v":1507.4499999999998,"d":"$1,507.45"},{"v":28.88,"d":"$28.88"},{"v":2108.24,"d":"$2,108.24"},{"v":20.25,"d":"$20.25"},{"v":1478.25,"d":"$1,478.25"},{"v":24,"d":"$24.00"},{"v":1752,"d":"$1,752.00"},{"v":20.15,"d":"$20.15"},{"v":1470.9499999999998,"d":"$1,470.95"},{"v":20.12,"d":"$20.12"},{"v":1468.76,"d":"$1,468.76"},{"v":21,"d":"$21.00"},{"v":1533,"d":"$1,533.00"},{"v":22.34,"d":"$22.34"},{"v":1630.82,"d":"$1,630.82"}]
[74,"Fence (Permanent Wood Privacy) (Tract 14)","Lin. Ft.",72,{"v":40,"d":"$40"},{"v":2880,"d":"$2,880.00"},{"v":20.65,"d":"$20.65"},{"v":1486.8,"d":"$1,486.80"},{"v":28.88,"d":"$28.88"},{"v":2079.36,"d":"$2,079.36"},{"v":20.25,"d":"$20.25"},{"v":1458,"d":"$1,458.00"},{"v":24,"d":"$24.00"},{"v":1728,"d":"$1,728.00"},{"v":20.15,"d":"$20.15"},{"v":1450.8,"d":"$1,450.80"},{"v":20.12,"d":"$20.12"},{"v":1448.64,"d":"$1,448.64"},{"v":21,"d":"$21.00"},{"v":1512,"d":"$1,512.00"},{"v":22.34,"d":"$22.34"},{"v":1608.48,"d":"$1,608.48"}]
[75,"Fence (Permanent Wood Privacy) (Tract 15)","Lin. Ft.",74,{"v":40,"d":"$40"},{"v":2960,"d":"$2,960.00"},{"v":20.65,"d":"$20.65"},{"v":1528.1,"d":"$1,528.10"},{"v":28.88,"d":"$28.88"},{"v":2137.12,"d":"$2,137.12"},{"v":20.25,"d":"$20.25"},{"v":1498.5,"d":"$1,498.50"},{"v":24,"d":"$24.00"},{"v":1776,"d":"$1,776.00"},{"v":20.15,"d":"$20.15"},{"v":1491.1,"d":"$1,491.10"},{"v":20.12,"d":"$20.12"},{"v":1488.88,"d":"$1,488.88"},{"v":21,"d":"$21.00"},{"v":1554,"d":"$1,554.00"},{"v":22.34,"d":"$22.34"},{"v":1653.16,"d":"$1,653.16"}]
[76,"Fence (Permanent Wood Privacy) (Tract 16)","Lin. Ft.",112,{"v":40,"d":"$40"},{"v":4480,"d":"$4,480.00"},{"v":20.65,"d":"$20.65"},{"v":2312.7999999999997,"d":"$2,312.80"},{"v":28.88,"d":"$28.88"},{"v":3234.56,"d":"$3,234.56"},{"v":20.25,"d":"$20.25"},{"v":2268,"d":"$2,268.00"},{"v":24,"d":"$24.00"},{"v":2688,"d":"$2,688.00"},{"v":20.15,"d":"$20.15"},{"v":2256.7999999999997,"d":"$2,256.80"},{"v":20.12,"d":"$20.12"},{"v":2253.44,"d":"$2,253.44"},{"v":21,"d":"$21.00"},{"v":2352,"d":"$2,352.00"},{"v":22.34,"d":"$22.34"},{"v":2502.08,"d":"$2,502.08"}]
[77,"Fence (Permanent Wood Privacy) (Tract 20)","Lin. Ft.",45,{"v":40,"d":"$40"},{"v":1800,"d":"$1,800.00"},{"v":20.65,"d":"$20.65"},{"v":929.2499999999999,"d":"$929.25"},{"v":28.88,"d":"$28.88"},{"v":1299.6,"d":"$1,299.60"},{"v":20.25,"d":"$20.25"},{"v":911.25,"d":"$911.25"},{"v":24,"d":"$24.00"},{"v":1080,"d":"$1,080.00"},{"v":20.15,"d":"$20.15"},{"v":906.7499999999999,"d":"$906.75"},{"v":20.12,"d":"$20.12"},{"v":905.4000000000001,"d":"$905.40"},{"v":21,"d":"$21.00"},{"v":945,"d":"$945.00"},{"v":22.34,"d":"$22.34"},{"v":1005.3,"d":"$1,005.30"}]
[78,"Fence (Permanent Wood Privacy) (Tract 21)","Lin. Ft.",157,{"v":40,"d":"$40"},{"v":6280,"d":"$6,280.00"},{"v":20.65,"d":"$20.65"},{"v":3242.0499999999997,"d":"$3,242.05"},{"v":28.88,"d":"$28.88"},{"v":4534.16,"d":"$4,534.16"},{"v":20.25,"d":"$20.25"},{"v":3179.25,"d":"$3,179.25"},{"v":24,"d":"$24.00"},{"v":3768,"d":"$3,768.00"},{"v":20.15,"d":"$20.15"},{"v":3163.5499999999997,"d":"$3,163.55"},{"v":20.12,"d":"$20.12"},{"v":3158.84,"d":"$3,158.84"},{"v":21,"d":"$21.00"},{"v":3297,"d":"$3,297.00"},{"v":22.34,"d":"$22.34"},{"v":3507.38,"d":"$3,507.38"}]
[79,"Fence (Permanent Wood Privacy) (Tract 22)","Lin. Ft.",110,{"v":40,"d":"$40"},{"v":4400,"d":"$4,400.00"},{"v":20.65,"d":"$20.65"},{"v":2271.5,"d":"$2,271.50"},{"v":28.88,"d":"$28.88"},{"v":3176.7999999999997,"d":"$3,176.80"},{"v":20.25,"d":"$20.25"},{"v":2227.5,"d":"$2,227.50"},{"v":24,"d":"$24.00"},{"v":2640,"d":"$2,640.00"},{"v":20.15,"d":"$20.15"},{"v":2216.5,"d":"$2,216.50"},{"v":20.12,"d":"$20.12"},{"v":2213.2000000000003,"d":"$2,213.20"},{"v":21,"d":"$21.00"},{"v":2310,"d":"$2,310.00"},{"v":22.34,"d":"$22.34"},{"v":2457.4,"d":"$2,457.40"}]
[80,"Fence (Permanent Wood Privacy) (Tract 23)","Lin. Ft.",81,{"v":40,"d":"$40"},{"v":3240,"d":"$3,240.00"},{"v":20.65,"d":"$20.65"},{"v":1672.6499999999999,"d":"$1,672.65"},{"v":28.88,"d":"$28.88"},{"v":2339.2799999999997,"d":"$2,339.28"},{"v":20.25,"d":"$20.25"},{"v":1640.25,"d":"$1,640.25"},{"v":24,"d":"$24.00"},{"v":1944,"d":"$1,944.00"},{"v":20.15,"d":"$20.15"},{"v":1632.1499999999999,"d":"$1,632.15"},{"v":20.12,"d":"$20.12"},{"v":1629.72,"d":"$1,629.72"},{"v":21,"d":"$21.00"},{"v":1701,"d":"$1,701.00"},{"v":22.34,"d":"$22.34"},{"v":1809.54,"d":"$1,809.54"}]
[81,"Fence (Permanent Wood Privacy) (Tract 24)","Lin. Ft.",75,{"v":40,"d":"$40"},{"v":3000,"d":"$3,000.00"},{"v":20.65,"d":"$20.65"},{"v":1548.75,"d":"$1,548.75"},{"v":28.88,"d":"$28.88"},{"v":2166,"d":"$2,166.00"},{"v":20.25,"d":"$20.25"},{"v":1518.75,"d":"$1,518.75"},{"v":24,"d":"$24.00"},{"v":1800,"d":"$1,800.00"},{"v":20.15,"d":"$20.15"},{"v":1511.25,"d":"$1,511.25"},{"v":20.12,"d":"$20.12"},{"v":1509,"d":"$1,509.00"},{"v":21,"d":"$21.00"},{"v":1575,"d":"$1,575.00"},{"v":22.34,"d":"$22.34"},{"v":1675.5,"d":"$1,675.50"}]
[82,"Fence (Permanent Wood Privacy) (Tract 25)","Lin. Ft.",76,{"v":40,"d":"$40"},{"v":3040,"d":"$3,040.00"},{"v":20.65,"d":"$20.65"},{"v":1569.3999999999999,"d":"$1,569.40"},{"v":28.88,"d":"$28.88"},{"v":2194.88,"d":"$2,194.88"},{"v":20.25,"d":"$20.25"},{"v":1539,"d":"$1,539.00"},{"v":24,"d":"$24.00"},{"v":1824,"d":"$1,824.00"},{"v":20.15,"d":"$20.15"},{"v":1531.3999999999999,"d":"$1,531.40"},{"v":20.12,"d":"$20.12"},{"v":1529.1200000000001,"d":"$1,529.12"},{"v":21,"d":"$21.00"},{"v":1596,"d":"$1,596.00"},{"v":22.34,"d":"$22.34"},{"v":1697.84,"d":"$1,697.84"}]
[83,"Fence (Permanent Wood Privacy) (Tract 26)","Lin. Ft.",85,{"v":40,"d":"$40"},{"v":3400,"d":"$3,400.00"},{"v":20.65,"d":"$20.65"},{"v":1755.2499999999998,"d":"$1,755.25"},{"v":28.88,"d":"$28.88"},{"v":2454.7999999999997,"d":"$2,454.80"},{"v":20.25,"d":"$20.25"},{"v":1721.25,"d":"$1,721.25"},{"v":24,"d":"$24.00"},{"v":2040,"d":"$2,040.00"},{"v":20.15,"d":"$20.15"},{"v":1712.7499999999998,"d":"$1,712.75"},{"v":20.12,"d":"$20.12"},{"v":1710.2,"d":"$1,710.20"},{"v":21,"d":"$21.00"},{"v":1785,"d":"$1,785.00"},{"v":22.34,"d":"$22.34"},{"v":1898.9,"d":"$1,898.90"}]
[84,"Fence (Permanent Wood Privacy) (Tract 52)","Lin. Ft.",73,{"v":40,"d":"$40"},{"v":2920,"d":"$2,920.00"},{"v":20.65,"d":"$20.65"},{"v":1507.4499999999998,"d":"$1,507.45"},{"v":28.88,"d":"$28.88"},{"v":2108.24,"d":"$2,108.24"},{"v":20.25,"d":"$20.25"},{"v":1478.25,"d":"$1,478.25"},{"v":24,"d":"$24.00"},{"v":1752,"d":"$1,752.00"},{"v":20.15,"d":"$20.15"},{"v":1470.9499999999998,"d":"$1,470.95"},{"v":20.12,"d":"$20.12"},{"v":1468.76,"d":"$1,468.76"},{"v":21,"d":"$21.00"},{"v":1533,"d":"$1,533.00"},{"v":22.34,"d":"$22.34"},{"v":1630.82,"d":"$1,630.82"}]
[85,"Fence (Permanent Wood Privacy) (Tract 53)","Lin. Ft.",157,{"v":40,"d":"$40"},{"v":6280,"d":"$6,280.00"},{"v":20.65,"d":"$20.65"},{"v":3242.0499999999997,"d":"$3,242.05"},{"v":28.88,"d":"$28.88"},{"v":4534.16,"d":"$4,534.16"},{"v":20.25,"d":"$20.25"},{"v":3179.25,"d":"$3,179.25"},{"v":24,"d":"$24.00"},{"v":3768,"d":"$3,768.00"},{"v":20.15,"d":"$20.15"},{"v":3163.5499999999997,"d":"$3,163.55"},{"v":20.12,"d":"$20.12"},{"v":3158.84,"d":"$3,158.84"},{"v":21,"d":"$21.00"},{"v":3297,"d":"$3,297.00"},{"v":22.34,"d":"$22.34"},{"v":3507.38,"d":"$3,507.38"}]
[86,"Fence (Permanent Wood Privacy) (Tract 54)","Lin. Ft.",71,{"v":40,"d":"$40"},{"v":2840,"d":"$2,840.00"},{"v":20.65,"d":"$20.65"},{"v":1466.1499999999999,"d":"$1,466.15"},{"v":28.88,"d":"$28.88"},{"v":2050.48,"d":"$2,050.48"},{"v":20.25,"d":"$20.25"},{"v":1437.75,"d":"$1,437.75"},{"v":24,"d":"$24.00"},{"v":1704,"d":"$1,704.00"},{"v":20.15,"d":"$20.15"},{"v":1430.6499999999999,"d":"$1,430.65"},{"v":20.12,"d":"$20.12"},{"v":1428.52,"d":"$1,428.52"},{"v":21,"d":"$21.00"},{"v":1491,"d":"$1,491.00"},{"v":22.34,"d":"$22.34"},{"v":1586.14,"d":"$1,586.14"}]
[87,"Fence (Permanent Wood Privacy) (Tract 55)","Lin. Ft.",75,{"v":40,"d":"$40"},{"v":3000,"d":"$3,000.00"},{"v":20.65,"d":"$20.65"},{"v":1548.75,"d":"$1,548.75"},{"v":28.88,"d":"$28.88"},{"v":2166,"d":"$2,166.00"},{"v":20.25,"d":"$20.25"},{"v":1518.75,"d":"$1,518.75"},{"v":24,"d":"$24.00"},{"v":1800,"d":"$1,800.00"},{"v":20.15,"d":"$20.15"},{"v":1511.25,"d":"$1,511.25"},{"v":20.12,"d":"$20.12"},{"v":1509,"d":"$1,509.00"},{"v":21,"d":"$21.00"},{"v":1575,"d":"$1,575.00"},{"v":22.34,"d":"$22.34"},{"v":1675.5,"d":"$1,675.50"}]
[88,"Fence (Permanent Wood Privacy) (Tract 56)","Lin. Ft.",105,{"v":40,"d":"$40"},{"v":4200,"d":"$4,200.00"},{"v":20.65,"d":"$20.65"},{"v":2168.25,"d":"$2,168.25"},{"v":28.88,"d":"$28.88"},{"v":3032.4,"d":"$3,032.40"},{"v":20.25,"d":"$20.25"},{"v":2126.25,"d":"$2,126.25"},{"v":24,"d":"$24.00"},{"v":2520,"d":"$2,520.00"},{"v":20.15,"d":"$20.15"},{"v":2115.75,"d":"$2,115.75"},{"v":20.12,"d":"$20.12"},{"v":2112.6,"d":"$2,112.60"},{"v":21,"d":"$21.00"},{"v":2205,"d":"$2,205.00"},{"v":22.34,"d":"$22.34"},{"v":2345.7,"d":"$2,345.70"}]
[89,"Fence (Permanent Wood Privacy) (Tract 66)","Lin. Ft.",52,{"v":40,"d":"$40"},{"v":2080,"d":"$2,080.00"},{"v":20.65,"d":"$20.65"},{"v":1073.8,"d":"$1,073.80"},{"v":28.88,"d":"$28.88"},{"v":1501.76,"d":"$1,501.76"},{"v":20.25,"d":"$20.25"},{"v":1053,"d":"$1,053.00"},{"v":24,"d":"$24.00"},{"v":1248,"d":"$1,248.00"},{"v":20.15,"d":"$20.15"},{"v":1047.8,"d":"$1,047.80"},{"v":20.12,"d":"$20.12"},{"v":1046.24,"d":"$1,046.24"},{"v":21,"d":"$21.00"},{"v":1092,"d":"$1,092.00"},{"v":22.34,"d":"$22.34"},{"v":1161.68,"d":"$1,161.68"}]
[" ",{"$nulls":4},"",null,"",null,"",null,"",null,"",null,"",null,"",null,"","",""]
[90,"Monument Construction (Aspen Hills)","Each",1,{"v":12000,"d":"$12,000"},{"v":12000,"d":"$12,000.00"},{"v":1175,"d":"$1,175.00"},{"v":1175,"d":"$1,175.00"},{"v":15750,"d":"$15,750.00"},{"v":15750,"d":"$15,750.00"},{"v":12500,"d":"$12,500.00"},{"v":12500,"d":"$12,500.00"},{"v":1500,"d":"$1,500.00"},{"v":1500,"d":"$1,500.00"},{"v":31185,"d":"$31,185.00"},{"v":31185,"d":"$31,185.00"},{"v":25325,"d":"$25,325.00"},{"v":25325,"d":"$25,325.00"},{"v":22500,"d":"$22,500.00"},{"v":22500,"d":"$22,500.00"},{"v":14572.5,"d":"$14,572.50"},{"v":14572.5,"d":"$14,572.50"}]
[91,"Monument Construction (Oak Park)","Each",1,{"v":4000,"d":"$4,000"},{"v":4000,"d":"$4,000.00"},{"v":3750,"d":"$3,750.00"},{"v":3750,"d":"$3,750.00"},{"v":8400,"d":"$8,400.00"},{"v":8400,"d":"$8,400.00"},{"v":5000,"d":"$5,000.00"},{"v":5000,"d":"$5,000.00"},{"v":4000,"d":"$4,000.00"},{"v":4000,"d":"$4,000.00"},{"v":6325,"d":"$6,325.00"},{"v":6325,"d":"$6,325.00"},{"v":7752,"d":"$7,752.00"},{"v":7752,"d":"$7,752.00"},{"v":4000,"d":"$4,000.00"},{"v":4000,"d":"$4,000.00"},{"v":5871.17,"d":"$5,871.17"},{"v":5871.17,"d":"$5,871.17"}]
[" ",{"$nulls":4},"",null,"",null,"",null,"",null,"",null,"",null,"",null,"","",""]
[92,"Landscaping (Quivira Median)","Lump Sum",1,{"v":15000,"d":"$15,000"},{"v":15000,"d":"$15,000.00"},{"v":16650,"d":"$16,650.00"},{"v":16650,"d":"$16,650.00"},{"v":30450,"d":"$30,450.00"},{"v":30450,"d":"$30,450.00"},{"v":16500,"d":"$16,500.00"},{"v":16500,"d":"$16,500.00"},{"v":20000,"d":"$20,000.00"},{"v":20000,"d":"$20,000.00"},{"v":16540,"d":"$16,540.00"},{"v":16540,"d":"$16,540.00"},{"v":18850,"d":"$18,850.00"},{"v":18850,"d":"$18,850.00"},{"v":16500,"d":"$16,500.00"},{"v":16500,"d":"$16,500.00"},{"v":19831.67,"d":"$19,831.67"},{"v":19831.67,"d":"$19,831.67"}]
[93,"Fescue Sod","Sq. Yd.",{"v":15078,"d":"15,078"},{"v":4,"d":"$4"},{"v":60312,"d":"$60,312.00"},{"v":3.1,"d":"$3.10"},{"v":46741.8,"d":"$46,741.80"},{"v":3.2,"d":"$3.20"},{"v":48249.600000000006,"d":"$48,249.60"},{"v":4.75,"d":"$4.75"},{"v":71620.5,"d":"$71,620.50"},{"v":4.2,"d":"$4.20"},{"v":63327.600000000006,"d":"$63,327.60"},{"v":3.5,"d":"$3.50"},{"v":52773,"d":"$52,773.00"},{"v":3.05,"d":"$3.05"},{"v":45987.899999999994,"d":"$45,987.90"},{"v":3.05,"d":"$3.05"},{"v":45987.899999999994,"d":"$45,987.90"},{"v":3.63,"d":"$3.63"},{"v":54733.14,"d":"$54,733.14"}]
[94,"Bluegrass Sod","Sq. Yd.",193,{"v":4,"d":"$4"},{"v":772,"d":"$772.00"},{"v":3.1,"d":"$3.10"},{"v":598.3000000000001,"d":"$598.30"},{"v":3.2,"d":"$3.20"},{"v":617.6,"d":"$617.60"},{"v":3.7,"d":"$3.70"},{"v":714.1,"d":"$714.10"},{"v":4,"d":"$4.00"},{"v":772,"d":"$772.00"},{"v":3.5,"d":"$3.50"},{"v":675.5,"d":"$675.50"},{"v":3.05,"d":"$3.05"},{"v":588.65,"d":"$588.65"},{"v":3.05,"d":"$3.05"},{"v":588.65,"d":"$588.65"},{"v":3.43,"d":"$3.43"},{"v":661.99,"d":"$661.99"}]
[95,"Hydraulic Mulching","Lb",{"v":14080,"d":"14,080"},{"v":0.4,"d":"$0.4"},{"v":5632,"d":"$5,632.00"},{"v":0.75,"d":"$0.75"},{"v":10560,"d":"$10,560.00"},{"v":0.8,"d":"$0.80"},{"v":11264,"d":"$11,264.00"},{"v":1,"d":"$1.00"},{"v":14080,"d":"$14,080.00"},{"v":0.5,"d":"$0.50"},{"v":7040,"d":"$7,040.00"},{"v":0.65,"d":"$0.65"},{"v":9152,"d":"$9,152.00"},{"v":0.75,"d":"$0.75"},{"v":10560,"d":"$10,560.00"},{"v":0.75,"d":"$0.75"},{"v":10560,"d":"$10,560.00"},{"v":0.74,"d":"$0.74"},{"v":10419.2,"d":"$10,419.20"}]
[96,"Temporary Seeding","Acre",3.2,{"v":1800,"d":"$1,800"},{"v":5760,"d":"$5,760.00"},{"v":1000,"d":"$1,000.00"},{"v":3200,"d":"$3,200.00"},{"v":1050,"d":"$1,050.00"},{"v":3360,"d":"$3,360.00"},{"v":1250,"d":"$1,250.00"},{"v":4000,"d":"$4,000.00"},{"v":1700,"d":"$1,700.00"},{"v":5440,"d":"$5,440.00"},{"v":1885,"d":"$1,885.00"},{"v":6032,"d":"$6,032.00"},{"v":1000,"d":"$1,000.00"},{"v":3200,"d":"$3,200.00"},{"v":1000,"d":"$1,000.00"},{"v":3200,"d":"$3,200.00"},{"v":1314.17,"d":"$1,314.17"},{"v":4205.34,"d":"$4,205.34"}]
[97,"Silt Fence","Lin. Ft.",800,{"v":3,"d":"$3"},{"v":2400,"d":"$2,400.00"},{"v":1.75,"d":"$1.75"},{"v":1400,"d":"$1,400.00"},{"v":1.6,"d":"$1.60"},{"v":1280,"d":"$1,280.00"},{"v":2,"d":"$2.00"},{"v":1600,"d":"$1,600.00"},{"v":1.5,"d":"$1.50"},{"v":1200,"d":"$1,200.00"},{"v":1.4,"d":"$1.40"},{"v":1120,"d":"$1,120.00"},{"v":1.05,"d":"$1.05"},{"v":840,"d":"$840.00"},{"v":1.05,"d":"$1.05"},{"v":840,"d":"$840.00"},{"v":1.55,"d":"$1.55"},{"v":1240,"d":"$1,240.00"}]
[98,"Sediment Removal","Cu. Yd.",100,{"v":50,"d":"$50"},{"v":5000,"d":"$5,000.00"},{"v":25,"d":"$25.00"},{"v":2500,"d":"$2,500.00"},{"v":21,"d":"$21.00"},{"v":2100,"d":"$2,100.00"},{"v":50,"d":"$50.00"},{"v":5000,"d":"$5,000.00"},{"v":30,"d":"$30.00"},{"v":3000,"d":"$3,000.00"},{"v":5.25,"d":"$5.25"},{"v":525,"d":"$525.00"},{"v":34.25,"d":"$34.25"},{"v":3425,"d":"$3,425.00"},{"v":47,"d":"$47.00"},{"v":4700,"d":"$4,700.00"},{"v":27.58,"d":"$27.58"},{"v":2758,"d":"$2,758.00"}]
[99,"Rock Barrier (6\")","Each",12,{"v":400,"d":"$400"},{"v":4800,"d":"$4,800.00"},{"v":250,"d":"$250.00"},{"v":3000,"d":"$3,000.00"},{"v":105,"d":"$105.00"},{"v":1260,"d":"$1,260.00"},{"v":750,"d":"$750.00"},{"v":9000,"d":"$9,000.00"},{"v":35,"d":"$35.00"},{"v":420,"d":"$420.00"},{"v":330,"d":"$330.00"},{"v":3960,"d":"$3,960.00"},{"v":301.85,"d":"$301.85"},{"v":3622.2000000000003,"d":"$3,622.20"},{"v":450,"d":"$450.00"},{"v":5400,"d":"$5,400.00"},{"v":295.31,"d":"$295.31"},{"v":3543.72,"d":"$3,543.72"}]
[100,"Straw Wattles","Lin. Ft.",{"v":1250,"d":"1,250"},{"v":50,"d":"$50"},{"v":62500,"d":"$62,500.00"},{"v":2.55,"d":"$2.55"},{"v":3187.5,"d":"$3,187.50"},{"v":4.2,"d":"$4.20"},{"v":5250,"d":"$5,250.00"},{"v":3,"d":"$3.00"},{"v":3750,"d":"$3,750.00"},{"v":4,"d":"$4.00"},{"v":5000,"d":"$5,000.00"},{"v":3.85,"d":"$3.85"},{"v":4812.5,"d":"$4,812.50"},{"v":2.25,"d":"$2.25"},{"v":2812.5,"d":"$2,812.50"},{"v":2.25,"d":"$2.25"},{"v":2812.5,"d":"$2,812.50"},{"v":3.31,"d":"$3.31"},{"v":4137.5,"d":"$4,137.50"}]
[101,"Inlet Protection","Each",100,{"v":70,"d":"$70"},{"v":7000,"d":"$7,000.00"},{"v":92,"d":"$92.00"},{"v":9200,"d":"$9,200.00"},{"v":76,"d":"$76.00"},{"v":7600,"d":"$7,600.00"},{"v":100,"d":"$100.00"},{"v":10000,"d":"$10,000.00"},{"v":80,"d":"$80.00"},{"v":8000,"d":"$8,000.00"},{"v":40.5,"d":"$40.50"},{"v":4050,"d":"$4,050.00"},{"v":47.5,"d":"$47.50"},{"v":4750,"d":"$4,750.00"},{"v":47.5,"d":"$47.50"},{"v":4750,"d":"$4,750.00"},{"v":72.67,"d":"$72.67"},{"v":7267,"d":"$7,267.00"}]
[" ",{"$nulls":4},"",null,"",null,"",null,"",null,"",null,"",null,"",null,"","",""]
[102,"Permanent Traffic Control Signs","Sq. Ft.",359,{"v":20,"d":"$20"},{"v":7180,"d":"$7,180.00"},{"v":17.5,"d":"$17.50"},{"v":6282.5,"d":"$6,282.50"},{"v":17.85,"d":"$17.85"},{"v":6408.150000000001,"d":"$6,408.15"},{"v":20,"d":"$20.00"},{"v":7180,"d":"$7,180.00"},{"v":21,"d":"$21.00"},{"v":7539,"d":"$7,539.00"},{"v":17.2,"d":"$17.20"},{"v":6174.8,"d":"$6,174.80"},{"v":17,"d":"$17.00"},{"v":6103,"d":"$6,103.00"},{"v":20,"d":"$20.00"},{"v":7180,"d":"$7,180.00"},{"v":18.43,"d":"$18.43"},{"v":6616.37,"d":"$6,616.37"}]
[103,"1-3/4\" x 1-3/4\" Sign Posts","Lin. Ft.",357,{"v":5,"d":"$5"},{"v":1785,"d":"$1,785.00"},{"v":6.15,"d":"$6.15"},{"v":2195.55,"d":"$2,195.55"},{"v":6.3,"d":"$6.30"},{"v":2249.1,"d":"$2,249.10"},{"v":6.5,"d":"$6.50"},{"v":2320.5,"d":"$2,320.50"},{"v":9,"d":"$9.00"},{"v":3213,"d":"$3,213.00"},{"v":6.1,"d":"$6.10"},{"v":2177.7,"d":"$2,177.70"},{"v":6,"d":"$6.00"},{"v":2142,"d":"$2,142.00"},{"v":6.5,"d":"$6.50"},{"v":2320.5,"d":"$2,320.50"},{"v":6.68,"d":"$6.68"},{"v":2384.76,"d":"$2,384.76"}]
[104,"2\" x 2\" Sign Post Anchors","Lin. Ft.",111,{"v":6,"d":"$6"},{"v":666,"d":"$666.00"},{"v":7.2,"d":"$7.20"},{"v":799.2,"d":"$799.20"},{"v":7.35,"d":"$7.35"},{"v":815.8499999999999,"d":"$815.85"},{"v":10,"d":"$10.00"},{"v":1110,"d":"$1,110.00"},{"v":11,"d":"$11.00"},{"v":1221,"d":"$1,221.00"},{"v":7.1,"d":"$7.10"},{"v":788.0999999999999,"d":"$788.10"},{"v":7,"d":"$7.00"},{"v":777,"d":"$777.00"},{"v":10,"d":"$10.00"},{"v":1110,"d":"$1,110.00"},{"v":8.28,"d":"$8.28"},{"v":919.08,"d":"$919.08"}]
[105,"2-1/4\" x 2-1/4\" Anchor Sleeves","Lin. Ft.",56,{"v":8,"d":"$8"},{"v":448,"d":"$448.00"},{"v":8.2,"d":"$8.20"},{"v":459.19999999999993,"d":"$459.20"},{"v":8.4,"d":"$8.40"},{"v":470.40000000000003,"d":"$470.40"},{"v":8,"d":"$8.00"},{"v":448,"d":"$448.00"},{"v":16,"d":"$16.00"},{"v":896,"d":"$896.00"},{"v":8.1,"d":"$8.10"},{"v":453.59999999999997,"d":"$453.60"},{"v":8,"d":"$8.00"},{"v":448,"d":"$448.00"},{"v":8,"d":"$8.00"},{"v":448,"d":"$448.00"},{"v":9.45,"d":"$9.45"},{"v":529.2,"d":"$529.20"}]
[106,"2-1/2\" x 2-1/2\" Sign Posts","Lin. Ft.",32,{"v":8,"d":"$8"},{"v":256,"d":"$256.00"},{"v":10.25,"d":"$10.25"},{"v":328,"d":"$328.00"},{"v":10.5,"d":"$10.50"},{"v":336,"d":"$336.00"},{"v":10,"d":"$10.00"},{"v":320,"d":"$320.00"},{"v":21,"d":"$21.00"},{"v":672,"d":"$672.00"},{"v":10.1,"d":"$10.10"},{"v":323.2,"d":"$323.20"},{"v":10,"d":"$10.00"},{"v":320,"d":"$320.00"},{"v":10,"d":"$10.00"},{"v":320,"d":"$320.00"},{"v":11.98,"d":"$11.98"},{"v":383.36,"d":"$383.36"}]
[107,"3\" x 3\" Sign Post Anchors","Lin. Ft.",9,{"v":10,"d":"$10"},{"v":90,"d":"$90.00"},{"v":15.4,"d":"$15.40"},{"v":138.6,"d":"$138.60"},{"v":15.75,"d":"$15.75"},{"v":141.75,"d":"$141.75"},{"v":30,"d":"$30.00"},{"v":270,"d":"$270.00"},{"v":26,"d":"$26.00"},{"v":234,"d":"$234.00"},{"v":15.2,"d":"$15.20"},{"v":136.79999999999998,"d":"$136.80"},{"v":15,"d":"$15.00"},{"v":135,"d":"$135.00"},{"v":30,"d":"$30.00"},{"v":270,"d":"$270.00"},{"v":19.56,"d":"$19.56"},{"v":176.04,"d":"$176.04"}]
[" ",{"$nulls":4},"",null,"",null,"",null,"",null,"",null,"",null,"",null,"","",""]
[108,"Interim Pavement Markings","Lump Sum",1,{"v":9000,"d":"$9,000"},{"v":9000,"d":"$9,000.00"},{"v":2500,"d":"$2,500.00"},{"v":2500,"d":"$2,500.00"},{"v":1050,"d":"$1,050.00"},{"v":1050,"d":"$1,050.00"},{"v":7500,"d":"$7,500.00"},{"v":7500,"d":"$7,500.00"},{"v":5000,"d":"$5,000.00"},{"v":5000,"d":"$5,000.00"},{"v":2960,"d":"$2,960.00"},{"v":2960,"d":"$2,960.00"},{"v":5565,"d":"$5,565.00"},{"v":5565,"d":"$5,565.00"},{"v":2000,"d":"$2,000.00"},{"v":2000,"d":"$2,000.00"},{"v":4095.83,"d":"$4,095.83"},{"v":4095.83,"d":"$4,095.83"}]
[109,"4\" White Thermoplastic","Lin. Ft.",{"v":5925,"d":"5,925"},{"v":1,"d":"$1"},{"v":5925,"d":"$5,925.00"},{"v":0.62,"d":"$0.62"},{"v":3673.5,"d":"$3,673.50"},{"v":0.65,"d":"$0.65"},{"v":3851.25,"d":"$3,851.25"},{"v":0.75,"d":"$0.75"},{"v":4443.75,"d":"$4,443.75"},{"v":0.7,"d":"$0.70"},{"v":4147.5,"d":"$4,147.50"},{"v":0.65,"d":"$0.65"},{"v":3851.25,"d":"$3,851.25"},{"v":0.61,"d":"$0.61"},{"v":3614.25,"d":"$3,614.25"},{"v":0.75,"d":"$0.75"},{"v":4443.75,"d":"$4,443.75"},{"v":0.66,"d":"$0.66"},{"v":3910.5,"d":"$3,910.50"}]
[110,"4\" Yellow Thermoplastic","Lin. Ft.",154,{"v":1,"d":"$1"},{"v":154,"d":"$154.00"},{"v":1.55,"d":"$1.55"},{"v":238.70000000000002,"d":"$238.70"},{"v":1.6,"d":"$1.60"},{"v":246.4,"d":"$246.40"},{"v":0.75,"d":"$0.75"},{"v":115.5,"d":"$115.50"},{"v":2.1,"d":"$2.10"},{"v":323.40000000000003,"d":"$323.40"},{"v":1.55,"d":"$1.55"},{"v":238.70000000000002,"d":"$238.70"},{"v":1.5,"d":"$1.50"},{"v":231,"d":"$231.00"},{"v":0.75,"d":"$0.75"},{"v":115.5,"d":"$115.50"},{"v":1.51,"d":"$1.51"},{"v":232.54,"d":"$232.54"}]
[111,"6\" White Thermoplastic","Lin. Ft.",{"v":1488,"d":"1,488"},{"v":1,"d":"$1"},{"v":1488,"d":"$1,488.00"},{"v":0.8,"d":"$0.80"},{"v":1190.4,"d":"$1,190.40"},{"v":0.85,"d":"$0.85"},{"v":1264.8,"d":"$1,264.80"},{"v":1.5,"d":"$1.50"},{"v":2232,"d":"$2,232.00"},{"v":1.7,"d":"$1.70"},{"v":2529.6,"d":"$2,529.60"},{"v":0.8,"d":"$0.80"},{"v":1190.4,"d":"$1,190.40"},{"v":0.78,"d":"$0.78"},{"v":1160.64,"d":"$1,160.64"},{"v":1.5,"d":"$1.50"},{"v":2232,"d":"$2,232.00"},{"v":1.07,"d":"$1.07"},{"v":1592.16,"d":"$1,592.16"}]
[112,"8\" While Thermoplastic","Lin. Ft.",231,{"v":2,"d":"$2"},{"v":462,"d":"$462.00"},{"v":0.87,"d":"$0.87"},{"v":200.97,"d":"$200.97"},{"v":0.9,"d":"$0.90"},{"v":207.9,"d":"$207.90"},{"v":2.75,"d":"$2.75"},{"v":635.25,"d":"$635.25"},{"v":3.2,"d":"$3.20"},{"v":739.2,"d":"$739.20"},{"v":0.85,"d":"$0.85"},{"v":196.35,"d":"$196.35"},{"v":0.85,"d":"$0.85"},{"v":196.35,"d":"$196.35"},{"v":2.75,"d":"$2.75"},{"v":635.25,"d":"$635.25"},{"v":1.57,"d":"$1.57"},{"v":362.67,"d":"$362.67"}]
[113,"12\" White Pre-formed Thermoplastic","Lin. Ft.",124,{"v":3,"d":"$3"},{"v":372,"d":"$372.00"},{"v":2.7,"d":"$2.70"},{"v":334.8,"d":"$334.80"},{"v":2.8,"d":"$2.80"},{"v":347.2,"d":"$347.20"},{"v":5,"d":"$5.00"},{"v":620,"d":"$620.00"},{"v":8.5,"d":"$8.50"},{"v":1054,"d":"$1,054.00"},{"v":2.7,"d":"$2.70"},{"v":334.8,"d":"$334.80"},{"v":2.65,"d":"$2.65"},{"v":328.59999999999997,"d":"$328.60"},{"v":5,"d":"$5.00"},{"v":620,"d":"$620.00"},{"v":4.06,"d":"$4.06"},{"v":503.44,"d":"$503.44"}]
[114,"24\" White Pre-formed Thermoplastic","Lin. Ft.",323,{"v":10,"d":"$10"},{"v":3230,"d":"$3,230.00"},{"v":11.3,"d":"$11.30"},{"v":3649.9,"d":"$3,649.90"},{"v":11.55,"d":"$11.55"},{"v":3730.65,"d":"$3,730.65"},{"v":14,"d":"$14.00"},{"v":4522,"d":"$4,522.00"},{"v":17,"d":"$17.00"},{"v":5491,"d":"$5,491.00"},{"v":11.15,"d":"$11.15"},{"v":3601.4500000000003,"d":"$3,601.45"},{"v":11,"d":"$11.00"},{"v":3553,"d":"$3,553.00"},{"v":14,"d":"$14.00"},{"v":4522,"d":"$4,522.00"},{"v":12.67,"d":"$12.67"},{"v":4092.41,"d":"$4,092.41"}]
[115,"White Arrows Pre-formed Thermoplastic","Each",26,{"v":150,"d":"$150"},{"v":3900,"d":"$3,900.00"},{"v":135,"d":"$135.00"},{"v":3510,"d":"$3,510.00"},{"v":136.5,"d":"$136.50"},{"v":3549,"d":"$3,549.00"},{"v":170,"d":"$170.00"},{"v":4420,"d":"$4,420.00"},{"v":200,"d":"$200.00"},{"v":5200,"d":"$5,200.00"},{"v":132,"d":"$132.00"},{"v":3432,"d":"$3,432.00"},{"v":130,"d":"$130.00"},{"v":3380,"d":"$3,380.00"},{"v":170,"d":"$170.00"},{"v":4420,"d":"$4,420.00"},{"v":150.58,"d":"$150.58"},{"v":3915.08,"d":"$3,915.08"}]
[116,"White \"Only\" Markings Pre-formed Thermoplastic","Each",1,{"v":150,"d":"$150"},{"$f":"IF((ISNUMBER($D135)),$D135*E135,\"\")","v":{"v":150,"d":"$150.00"}},{"v":205,"d":"$205.00"},{"$f":"IF((ISNUMBER($D135)),$D135*G135,\"\")","v":{"v":205,"d":"$205.00"}},{"v":210,"d":"$210.00"},{"$f":"IF((ISNUMBER($D135)),$D135*I135,\"\")","v":{"v":210,"d":"$210.00"}},{"v":255,"d":"$255.00"},{"$f":"IF((ISNUMBER($D135)),$D135*K135,\"\")","v":{"v":255,"d":"$255.00"}},{"v":375,"d":"$375.00"},{"$f":"IF((ISNUMBER($D135)),$D135*M135,\"\")","v":{"v":375,"d":"$375.00"}},{"v":202,"d":"$202.00"},{"$f":"IF((ISNUMBER($D135)),$D135*O135,\"\")","v":{"v":202,"d":"$202.00"}},{"v":200,"d":"$200.00"},{"$f":"IF((ISNUMBER($D135)),$D135*Q135,\"\")","v":{"v":200,"d":"$200.00"}},{"v":255,"d":"$255.00"},{"$f":"IF((ISNUMBER($D135)),$D135*S135,\"\")","v":{"v":255,"d":"$255.00"}},{"$f":"IF(ISNUMBER($D135),ROUND(AVERAGE(G135,I135,K135,M135,O135,Q135),2),\"\")","v":{"v":241.17,"d":"$241.17"}},{"$f":"IF(ISNUMBER($D135),ROUND(U135*D135,2),\"\")","v":{"v":241.17,"d":"$241.17"}}]
[117,"8\" White Cold Plastic","Lin. Ft.",234,{"v":2,"d":"$2"},{"v":468,"d":"$468.00"},{"v":6.15,"d":"$6.15"},{"v":1439.1000000000001,"d":"$1,439.10"},{"v":6.3,"d":"$6.30"},{"v":1474.2,"d":"$1,474.20"},{"v":5.5,"d":"$5.50"},{"v":1287,"d":"$1,287.00"},{"v":6.5,"d":"$6.50"},{"v":1521,"d":"$1,521.00"},{"v":6.1,"d":"$6.10"},{"v":1427.3999999999999,"d":"$1,427.40"},{"v":6,"d":"$6.00"},{"v":1404,"d":"$1,404.00"},{"v":5.5,"d":"$5.50"},{"v":1287,"d":"$1,287.00"},{"v":6.09,"d":"$6.09"},{"v":1425.06,"d":"$1,425.06"}]
[118,"White Arrows Cold Plastic","Each",2,{"v":150,"d":"$150"},{"v":300,"d":"$300.00"},{"v":405,"d":"$405.00"},{"v":810,"d":"$810.00"},{"v":414.75,"d":"$414.75"},{"v":829.5,"d":"$829.50"},{"v":250,"d":"$250.00"},{"v":500,"d":"$500.00"},{"v":425,"d":"$425.00"},{"v":850,"d":"$850.00"},{"v":400,"d":"$400.00"},{"v":800,"d":"$800.00"},{"v":395,"d":"$395.00"},{"v":790,"d":"$790.00"},{"v":250,"d":"$250.00"},{"v":500,"d":"$500.00"},{"v":381.63,"d":"$381.63"},{"v":763.26,"d":"$763.26"}]
[119,"White \"Only\" Markings Cold Plastic","Each",1,{"v":150,"d":"$150"},{"v":150,"d":"$150.00"},{"v":595,"d":"$595.00"},{"v":595,"d":"$595.00"},{"v":609,"d":"$609.00"},{"v":609,"d":"$609.00"},{"v":385,"d":"$385.00"},{"v":385,"d":"$385.00"},{"v":450,"d":"$450.00"},{"v":450,"d":"$450.00"},{"v":585,"d":"$585.00"},{"v":585,"d":"$585.00"},{"v":580,"d":"$580.00"},{"v":580,"d":"$580.00"},{"v":385,"d":"$385.00"},{"v":385,"d":"$385.00"},{"v":534,"d":"$534.00"},{"v":534,"d":"$534.00"}]
[" ",{"$nulls":4},"",null,"",null,"",null,"",null,"",null,"",null,"",null,"","",""]
[120,"Street Lighting Installation","Lump Sum",1,{"v":220000,"d":"$220,000"},{"v":220000,"d":"$220,000.00"},{"v":166000,"d":"$166,000.00"},{"v":166000,"d":"$166,000.00"},{"v":164640,"d":"$164,640.00"},{"v":164640,"d":"$164,640.00"},{"v":158000,"d":"$158,000.00"},{"v":158000,"d":"$158,000.00"},{"v":160000,"d":"$160,000.00"},{"v":160000,"d":"$160,000.00"},{"v":158650,"d":"$158,650.00"},{"v":158650,"d":"$158,650.00"},{"v":150245,"d":"$150,245.00"},{"v":150245,"d":"$150,245.00"},{"v":156750,"d":"$156,750.00"},{"v":156750,"d":"$156,750.00"},{"v":159589.17,"d":"$159,589.17"},{"v":159589.17,"d":"$159,589.17"}]
[121,"Fiber Optic Communication System","Lump Sum",1,{"v":130000,"d":"$130,000"},{"v":130000,"d":"$130,000.00"},{"v":51000,"d":"$51,000.00"},{"v":51000,"d":"$51,000.00"},{"v":64701,"d":"$64,701.00"},{"v":64701,"d":"$64,701.00"},{"v":55000,"d":"$55,000.00"},{"v":55000,"d":"$55,000.00"},{"v":60000,"d":"$60,000.00"},{"v":60000,"d":"$60,000.00"},{"v":50840,"d":"$50,840.00"},{"v":50840,"d":"$50,840.00"},{"v":59050,"d":"$59,050.00"},{"v":59050,"d":"$59,050.00"},{"v":61610,"d":"$61,610.00"},{"v":61610,"d":"$61,610.00"},{"v":56765.17,"d":"$56,765.17"},{"v":56765.17,"d":"$56,765.17"}]
[" ",{"$nulls":4},"",null,"",null,"",null,"",null,"",null,"",null,"",null,"","",""]
[122,"Traffic Signal Installation (99th)","Lump Sum",1,{"v":200000,"d":"$200,000"},{"v":200000,"d":"$200,000.00"},{"v":189000,"d":"$189,000.00"},{"v":189000,"d":"$189,000.00"},{"v":206367,"d":"$206,367.00"},{"v":206367,"d":"$206,367.00"},{"v":195000,"d":"$195,000.00"},{"v":195000,"d":"$195,000.00"},{"v":200000,"d":"$200,000.00"},{"v":200000,"d":"$200,000.00"},{"v":191500,"d":"$191,500.00"},{"v":191500,"d":"$191,500.00"},{"v":188385,"d":"$188,385.00"},{"v":188385,"d":"$188,385.00"},{"v":196541,"d":"$196,541.00"},{"v":196541,"d":"$196,541.00"},{"v":195042,"d":"$195,042.00"},{"v":195042,"d":"$195,042.00"}]
[123,"Traffic Signal Installation (103rd)","Lump Sum",1,{"v":220000,"d":"$220,000"},{"v":220000,"d":"$220,000.00"},{"v":255000,"d":"$255,000.00"},{"v":255000,"d":"$255,000.00"},{"v":273084,"d":"$273,084.00"},{"v":273084,"d":"$273,084.00"},{"v":260000,"d":"$260,000.00"},{"v":260000,"d":"$260,000.00"},{"v":260000,"d":"$260,000.00"},{"v":260000,"d":"$260,000.00"},{"v":258600,"d":"$258,600.00"},{"v":258600,"d":"$258,600.00"},{"v":249280,"d":"$249,280.00"},{"v":249280,"d":"$249,280.00"},{"v":260075,"d":"$260,075.00"},{"v":260075,"d":"$260,075.00"},{"v":259327.33,"d":"$259,327.33"},{"v":259327.33,"d":"$259,327.33"}]
[" ",{"$nulls":4},"",null,"",null,"",null,"",null,"",null,"",null,"",null,"","",""]
[124,"Land Corner Monument Box","Each",3,{"v":1800,"d":"$1,800"},{"v":5400,"d":"$5,400.00"},{"v":1200,"d":"$1,200.00"},{"v":3600,"d":"$3,600.00"},{"v":2625,"d":"$2,625.00"},{"v":7875,"d":"$7,875.00"},{"v":1250,"d":"$1,250.00"},{"v":3750,"d":"$3,750.00"},{"v":2500,"d":"$2,500.00"},{"v":7500,"d":"$7,500.00"},{"v":600,"d":"$600.00"},{"v":1800,"d":"$1,800.00"},{"v":1500,"d":"$1,500.00"},{"v":4500,"d":"$4,500.00"},{"v":650,"d":"$650.00"},{"v":1950,"d":"$1,950.00"},{"v":1612.5,"d":"$1,612.50"},{"v":4837.5,"d":"$4,837.50"}]
[125,"Traffic Control","Lump Sum",1,{"v":50886.5,"d":"$50,886.50"},{"v":50886.5,"d":"$50,886.50"},{"v":76500,"d":"$76,500.00"},{"v":76500,"d":"$76,500.00"},{"v":204750,"d":"$204,750.00"},{"v":204750,"d":"$204,750.00"},{"v":152350,"d":"$152,350.00"},{"v":152350,"d":"$152,350.00"},{"v":120000,"d":"$120,000.00"},{"v":120000,"d":"$120,000.00"},{"v":94200,"d":"$94,200.00"},{"v":94200,"d":"$94,200.00"},{"v":85000,"d":"$85,000.00"},{"v":85000,"d":"$85,000.00"},{"v":95300,"d":"$95,300.00"},{"v":95300,"d":"$95,300.00"},{"v":122133.33,"d":"$122,133.33"},{"v":122133.33,"d":"$122,133.33"}]
[126,"TWorks Sign Assembly","Each",2,{"v":500,"d":"$500"},{"v":1000,"d":"$1,000.00"},{"v":615,"d":"$615.00"},{"v":1230,"d":"$1,230.00"},{"v":630,"d":"$630.00"},{"v":1260,"d":"$1,260.00"},{"v":375,"d":"$375.00"},{"v":750,"d":"$750.00"},{"v":1000,"d":"$1,000.00"},{"v":2000,"d":"$2,000.00"},{"v":600,"d":"$600.00"},{"v":1200,"d":"$1,200.00"},{"v":600,"d":"$600.00"},{"v":1200,"d":"$1,200.00"},{"v":750,"d":"$750.00"},{"v":1500,"d":"$1,500.00"},{"v":636.67,"d":"$636.67"},{"v":1273.34,"d":"$1,273.34"}]
[]
[{"$nulls":4},{"$f":"SUM(F6:F148)","v":{"v":5464000,"d":"$5,464,000.00"}},null,{"$f":"SUM(H6:H148)","v":{"v":4997471.454999998,"d":"$4,997,471.46"}},null,{"v":5250000,"d":"$5,250,000.00"},null,{"$f":"SUM(L6:L148)","v":{"v":5344479.75,"d":"$5,344,479.75"}},null,{"$f":"SUM(N6:N148)","v":{"v":5366286.05,"d":"$5,366,286.05"}},null,{"$f":"SUM(P6:P148)","v":{"v":5451819.6995,"d":"$5,451,819.70"}},null,{"$f":"SUM(R6:R148)","v":{"v":5501826.252499998,"d":"$5,501,826.25"}},null,{"$f":"SUM(T6:T148)","v":{"v":5998888.000000001,"d":"$5,998,888.00"}},null,{"$f":"SUM(V6:V148)","v":{"v":5318675.760000003,"d":"$5,318,675.76"}}]

{"sheet":"Sub Calcs","index":1,"n_rows":150,"n_cols":10,"rows_kept":150,"merged":[[0,4,2,5],[0,6,2,7],[0,8,2,9],[0,10,2,11],[0,12,2,13],[0,14,2,15],[0,16,2,17],[0,18,2,19],[0,20,0,21],[1,20,1,21],[2,20,2,21],[3,0,4,0],[3,1,4,1],[3,2,4,2],[3,4,4,4],[3,5,4,5],[3,6,4,6],[3,7,4,7],[3,8,4,8],[3,9,4,9],[3,10,4,10],[3,11,4,11],[3,12,4,12],[3,13,4,13],[3,14,4,14],[3,15,4,15],[3,16,4,16],[3,17,4,17],[3,18,4,18],[3,19,4,19],[3,20,4,20],[3,21,4,21],[149,4,149,5],[149,6,149,7],[149,8,149,9],[149,10,149,11],[149,12,149,13],[149,14,149,15],[149,16,149,17],[149,18,149,19],[149,20,149,21]]}
["BID TABULATION",null,"DATE:","2011-10-18","Engineer's Estimate (HNTB)",null,"Miles Excavating, Inc."]
["PROJECT: Quivira Road Widening (99th Street to 105th Street) (TH-0948)"]
["OWNER: City of Overland Park, Kansas"]
["Item No.","Item","Unit","Quantity","Unit Price","Total","Unit Price","Total"]
[{"$nulls":3},"Total"]
[1,"Maintenance Bond ","Lump Sum",1,{"v":30000,"d":"$30,000"},{"$f":"IF((ISNUMBER($D6)),$D6*E6,\"\")","v":{"v":30000,"d":"$30,000.00"}},{"v":8000,"d":"$8,000.00"},{"$f":"IF((ISNUMBER($D6)),$D6*G6,\"\")","v":{"v":8000,"d":"$8,000.00"}}]
[2,"Contractor Construction Staking","Lump Sum",1,{"v":45000,"d":"$45,000"},{"$f":"IF((ISNUMBER($D7)),$D7*E7,\"\")","v":{"v":45000,"d":"$45,000.00"}},{"v":25000,"d":"$25,000.00"},{"$f":"IF((ISNUMBER($D7)),$D7*G7,\"\")","v":{"v":25000,"d":"$25,000.00"}}]
[3,"Clearing and Grubbing","Lump Sum",1,{"v":102000,"d":"$102,000"},{"v":102000,"d":"$102,000.00"},{"v":50000,"d":"$50,000.00"},{"v":50000,"d":"$50,000.00"}]
[4,"Removal of Existing Structures","Lump Sum",1,{"v":102000,"d":"$102,000"},{"v":102000,"d":"$102,000.00"},{"v":60000,"d":"$60,000.00"},{"v":60000,"d":"$60,000.00"}]
[5,"Force Account (Set)","Lump Sum",1,{"v":200000,"d":"$200,000"},{"v":200000,"d":"$200,000.00"},{"v":200000,"d":"$200,000.00"},{"v":200000,"d":"$200,000.00"}]
[" ",{"$nulls":4},"",null,""]
[6,"Unclassified Excavation","Cu. Yd.",{"v":25121,"d":"25,121"},{"v":20,"d":"$20"},{"v":502420,"d":"$502,420.00"},{"v":17.75,"d":"$17.75"},{"v":445897.75,"d":"$445,897.75"}]
[7,"Compaction of Earthwork (All Types)","Cu. Yd.",287,{"v":6,"d":"$6"},{"v":1722,"d":"$1,722.00"},{"v":12.55,"d":"$12.55"},{"v":3601.8500000000004,"d":"$3,601.85"}]
[8,"Excavation (Unsuitable)","Cu. Yd.",500,{"v":30,"d":"$30"},{"v":15000,"d":"$15,000.00"},{"v":15.75,"d":"$15.75"},{"v":7875,"d":"$7,875.00"}]
[9,"Excavation (Unstable)","Cu. Yd.",500,{"v":30,"d":"$30"},{"v":15000,"d":"$15,000.00"},{"v":15.75,"d":"$15.75"},{"v":7875,"d":"$7,875.00"}]
[10,"Topsoil","Cu. Yd.",{"v":2545,"d":"2,545"},{"v":10,"d":"$10"},{"v":25450,"d":"$25,450.00"},{"v":13.75,"d":"$13.75"},{"v":34993.75,"d":"$34,993.75"}]
[" ",{"$nulls":4},"",null,""]
[11,"Asphaltic Concrete Surface Course","Ton",{"v":4642,"d":"4,642"},{"v":70,"d":"$70"},{"v":324940,"d":"$324,940.00"},{"v":67.5,"d":"$67.50"},{"v":313335,"d":"$313,335.00"}]
[12,"Asphaltic Concrete Intermediate Course","Ton",{"v":22623,"d":"22,623"},{"v":60,"d":"$60"},{"v":1357380,"d":"$1,357,380.00"},{"v":67.5,"d":"$67.50"},{"v":1527052.5,"d":"$1,527,052.50"}]
[" ",{"$nulls":4},"",null,""]
[13,"Temporary Surfacing Material (Commercial Grade Asphaltic Concrete)","Ton",{"v":2630,"d":"2,630"},{"v":70,"d":"$70"},{"v":184100,"d":"$184,100.00"},{"v":69,"d":"$69.00"},{"v":181470,"d":"$181,470.00"}]
[14,"Temporary Surfacing Material (Commercial Grade Asphaltic Concrete)(Sidewalk)","Ton",220,{"v":80,"d":"$80"},{"v":17600,"d":"$17,600.00"},{"v":105,"d":"$105.00"},{"v":23100,"d":"$23,100.00"}]
[15,"Temporary Surfacing Material (Type AB-3)","Ton",100,{"v":20,"d":"$20"},{"v":2000,"d":"$2,000.00"},{"v":18.5,"d":"$18.50"},{"v":1850,"d":"$1,850.00"}]
[" ",{"$nulls":4},"",null,""]
[16,"Fly Ash","Ton",{"v":2319,"d":"2,319"},{"v":50,"d":"$50"},{"v":115950,"d":"$115,950.00"},{"v":38,"d":"$38.00"},{"v":88122,"d":"$88,122.00"}]
[17,"Manipulation For Fly Ash Treated Subgrade (8\")","Sq. Yd.",{"v":41832,"d":"41,832"},{"v":3,"d":"$3"},{"v":125496,"d":"$125,496.00"},{"v":3,"d":"$3.00"},{"v":125496,"d":"$125,496.00"}]
[18,"Aggregate Base Course (OP Special)","Sq. Yd.",{"v":1915,"d":"1,915"},{"v":10,"d":"$10"},{"v":19150,"d":"$19,150.00"},{"v":8.25,"d":"$8.25"},{"v":15798.75,"d":"$15,798.75"}]
[19,"Milling (Total Width Cut) (2\")","Sq. Yd.",992,{"v":4,"d":"$4"},{"v":3968,"d":"$3,968.00"},{"v":4.5,"d":"$4.50"},{"v":4464,"d":"$4,464.00"}]
[20,"Street Sweeping","Lump Sum",1,{"v":10000,"d":"$10,000"},{"v":10000,"d":"$10,000.00"},{"v":4000,"d":"$4,000.00"},{"v":4000,"d":"$4,000.00"}]
[21,"Street Washing","Lane Mile",5.5,{"v":400,"d":"$400"},{"v":2200,"d":"$2,200.00"},{"v":1200,"d":"$1,200.00"},{"v":6600,"d":"$6,600.00"}]
[22,"Pothole Repair","Sq. Ft.",{"v":250,"d":"250.0"},{"v":20,"d":"$20"},{"v":5000,"d":"$5,000.00"},{"v":28,"d":"$28.00"},{"v":7000,"d":"$7,000.00"}]
[23,"Special Cleaning of Milled Surfaces","Lump Sum",1,{"v":6000,"d":"$6,000"},{"v":6000,"d":"$6,000.00"},{"v":850,"d":"$850.00"},{"v":850,"d":"$850.00"}]
[" ",{"$nulls":4},"",null,""]
[24,"Curb and Gutter, Combined (Type A)","Lin. Ft.",653,{"v":25,"d":"$25"},{"v":16325,"d":"$16,325.00"},{"v":18,"d":"$18.00"},{"v":11754,"d":"$11,754.00"}]
[25,"Curb and Gutter, Combined (Type B)","Lin. Ft.",{"v":7746,"d":"7,746"},{"v":15,"d":"$15"},{"v":116190,"d":"$116,190.00"},{"v":15.15,"d":"$15.15"},{"v":117351.90000000001,"d":"$117,351.90"}]
[26,"Curb and Gutter, Combined (Type C)","Lin. Ft.",30,{"v":25,"d":"$25"},{"v":750,"d":"$750.00"},{"v":15.15,"d":"$15.15"},{"v":454.5,"d":"$454.50"}]
[27,"Curb and Gutter, Combined (Type E)","Lin. Ft.",{"v":6386,"d":"6,386"},{"v":20,"d":"$20"},{"v":127720,"d":"$127,720.00"},{"v":15.15,"d":"$15.15"},{"v":96747.90000000001,"d":"$96,747.90"}]
[28,"Curb (Type D)","Lin. Ft.",167,{"v":10,"d":"$10"},{"v":1670,"d":"$1,670.00"},{"v":11,"d":"$11.00"},{"v":1837,"d":"$1,837.00"}]
[29,"Concrete Median Nose","Each",12,{"v":800,"d":"$800"},{"v":9600,"d":"$9,600.00"},{"v":550,"d":"$550.00"},{"v":6600,"d":"$6,600.00"}]
[30,"Sidewalk Construction (4\")","Sq. Ft.",{"v":35025,"d":"35,025"},{"v":3,"d":"$3"},{"v":105075,"d":"$105,075.00"},{"v":3.15,"d":"$3.15"},{"v":110328.75,"d":"$110,328.75"}]
[31,"Sidewalk Ramp with Detectable Warning Surface","Sq. Ft.",{"v":3790,"d":"3,790"},{"v":28,"d":"$28"},{"v":106120,"d":"$106,120.00"},{"v":7.7,"d":"$7.70"},{"v":29183,"d":"$29,183.00"}]
[32,"Detectable Warning Surface","Sq. Ft.",565,{"v":39,"d":"$39"},{"v":22035,"d":"$22,035.00"},{"v":19.75,"d":"$19.75"},{"v":11158.75,"d":"$11,158.75"}]
[33,"Concrete Paver Stones","Sq. Ft.",{"v":5521,"d":"5,521"},{"v":10,"d":"$10"},{"v":55210,"d":"$55,210.00"},{"v":10.5,"d":"$10.50"},{"v":57970.5,"d":"$57,970.50"}]
[34,"Concrete Pavement (6\" Entrance)","Sq. Yd.",109,{"v":50,"d":"$50"},{"v":5450,"d":"$5,450.00"},{"v":49.75,"d":"$49.75"},{"v":5422.75,"d":"$5,422.75"},{"$f":"SUM(H39:H44)","v":{"v":220663.75,"d":"$220,663.75"}},{"$f":"I44+H9","v":{"v":280663.75,"d":"$280,663.75"}}]
[" ",{"$nulls":4},"",null,""]
[35,"KCMMB 4K Concrete (ISRW) ","Cu. Yd.",40.2,{"v":600,"d":"$600"},{"v":24120,"d":"$24,120.00"},{"v":890,"d":"$890.00"},{"v":35778,"d":"$35,778.00"}]
[36,"KCMMB 4K Concrete (Steps) ","Cu. Yd.",0.5,{"v":2000,"d":"$2,000"},{"v":1000,"d":"$1,000.00"},{"v":1500,"d":"$1,500.00"},{"v":750,"d":"$750.00"}]
[37,"Handrail (Metal) (42\")","Lin. Ft.",5.3,{"v":300,"d":"$300"},{"v":1590,"d":"$1,590.00"},{"v":155,"d":"$155.00"},{"v":821.5,"d":"$821.50"}]
[" ",{"$nulls":4},"",null,""]
[38,"Manhole (Sanitary) (48\"to 60\" Dia.)","Each",3,{"v":2000,"d":"$2,000"},{"v":6000,"d":"$6,000.00"},{"v":3035,"d":"$3,035.00"},{"v":9105,"d":"$9,105.00"}]
[39,"Sanitary Sewer Encasement","Lin. Ft.",{"v":77,"d":"77.0"},{"v":200,"d":"$200"},{"v":15400,"d":"$15,400.00"},{"v":115,"d":"$115.00"},{"v":8855,"d":"$8,855.00"}]
[40,"Adjustment of Manholes","Each",11,{"v":1500,"d":"$1,500"},{"v":16500,"d":"$16,500.00"},{"v":850,"d":"$850.00"},{"v":9350,"d":"$9,350.00"}]
[" ",{"$nulls":4},"",null,""]
[41,"Modification of Structure (Curb Inlet to Junction Box)","Each",15,{"v":1200,"d":"$1,200"},{"v":18000,"d":"$18,000.00"},{"v":1250,"d":"$1,250.00"},{"v":18750,"d":"$18,750.00"}]
[42,"Adjustment of Curb Inlet","Each",1,{"v":1500,"d":"$1,500"},{"v":1500,"d":"$1,500.00"},{"v":1765,"d":"$1,765.00"},{"v":1765,"d":"$1,765.00"}]
[43,"Adjustment of Junction Box","Each",4,{"v":1500,"d":"$1,500"},{"v":6000,"d":"$6,000.00"},{"v":1765,"d":"$1,765.00"},{"v":7060,"d":"$7,060.00"}]
[44,"Inlet (5' x 3') (Curb)","Each",5,{"v":4000,"d":"$4,000"},{"v":20000,"d":"$20,000.00"},{"v":2805,"d":"$2,805.00"},{"v":14025,"d":"$14,025.00"}]
[45,"Inlet (6' x 3') (Curb)","Each",1,{"v":4200,"d":"$4,200"},{"v":4200,"d":"$4,200.00"},{"v":3200,"d":"$3,200.00"},{"v":3200,"d":"$3,200.00"}]
[46,"Inlet (6' x 4') (Curb)","Each",13,{"v":4400,"d":"$4,400"},{"v":57200,"d":"$57,200.00"},{"v":2935,"d":"$2,935.00"},{"v":38155,"d":"$38,155.00"}]
[47,"Inlet (6' x 5') (Curb)","Each",1,{"v":4500,"d":"$4,500"},{"v":4500,"d":"$4,500.00"},{"v":3375,"d":"$3,375.00"},{"v":3375,"d":"$3,375.00"}]
[48,"Inlet (8' x 4') (Curb)","Each",3,{"v":5000,"d":"$5,000"},{"v":15000,"d":"$15,000.00"},{"v":3400,"d":"$3,400.00"},{"v":10200,"d":"$10,200.00"}]
[49,"Inlet (6' x 3') (Curb) (with Flume)","Each",2,{"v":5500,"d":"$5,500"},{"v":11000,"d":"$11,000.00"},{"v":4100,"d":"$4,100.00"},{"v":8200,"d":"$8,200.00"}]
[50,"Inlet (6' x 4') (Curb) (with Flume)","Each",1,{"v":5600,"d":"$5,600"},{"v":5600,"d":"$5,600.00"},{"v":3785,"d":"$3,785.00"},{"v":3785,"d":"$3,785.00"}]
[51,"Inlet (8' x 3') (Curb) (with Flume)","Each",1,{"v":6000,"d":"$6,000"},{"v":6000,"d":"$6,000.00"},{"v":3830,"d":"$3,830.00"},{"v":3830,"d":"$3,830.00"}]
[52,"Inlet (10' x 3') (Curb) (with Flume)","Each",1,{"v":6200,"d":"$6,200"},{"v":6200,"d":"$6,200.00"},{"v":3855,"d":"$3,855.00"},{"v":3855,"d":"$3,855.00"}]
[53,"Junction Box (4' x 4')","Each",2,{"v":3500,"d":"$3,500"},{"v":7000,"d":"$7,000.00"},{"v":2805,"d":"$2,805.00"},{"v":5610,"d":"$5,610.00"}]
[54,"Junction Box (8' x 4')","Each",1,{"v":5500,"d":"$5,500"},{"v":5500,"d":"$5,500.00"},{"v":3165,"d":"$3,165.00"},{"v":3165,"d":"$3,165.00"}]
[55,"15\" Storm Sewer (RCP Class III)","Lin. Ft.",442.75,{"v":60,"d":"$60"},{"v":26565,"d":"$26,565.00"},{"v":63.3,"d":"$63.30"},{"v":28026.074999999997,"d":"$28,026.08"}]
[56,"21\" Storm Sewer (RCP Class III)","Lin. Ft.",75.22,{"v":80,"d":"$80"},{"v":6017.6,"d":"$6,017.60"},{"v":127,"d":"$127.00"},{"v":9552.94,"d":"$9,552.94"}]
[57,"30\" Storm Sewer (RCP Class III)","Lin. Ft.",22.12,{"v":95,"d":"$95"},{"v":2101.4,"d":"$2,101.40"},{"v":141,"d":"$141.00"},{"v":3118.92,"d":"$3,118.92"}]
[58,"48\" Storm Sewer (RCP Class III)","Lin. Ft.",44.23,{"v":150,"d":"$150"},{"$f":"IF((ISNUMBER($D71)),$D71*E71,\"\")","v":{"v":6634.499999999999,"d":"$6,634.50"}},{"v":205,"d":"$205.00"},{"$f":"IF((ISNUMBER($D71)),$D71*G71,\"\")","v":{"v":9067.15,"d":"$9,067.15"}}]
[59,"Concrete Pipe Collar","Each",6,{"v":800,"d":"$800"},{"v":4800,"d":"$4,800.00"},{"v":525,"d":"$525.00"},{"v":3150,"d":"$3,150.00"}]
[60,"Pipe Underdrain (6\")(Type H or Type L)","Lin. Ft.",{"v":10486,"d":"10,486"},{"v":16,"d":"$16"},{"v":167776,"d":"$167,776.00"},{"v":12.5,"d":"$12.50"},{"v":131075,"d":"$131,075.00"}]
[61,"Outlet Pipe (6\")(Type K or Type E)","Lin. Ft.",{"v":1649,"d":"1,649"},{"v":16,"d":"$16"},{"v":26384,"d":"$26,384.00"},{"v":14.5,"d":"$14.50"},{"v":23910.5,"d":"$23,910.50"}]
[" ",{"$nulls":4},"",null,""]
[62,"Lawn Sprinkler System (Tract 27)","Lump Sum",1,{"v":3000,"d":"$3,000"},{"v":3000,"d":"$3,000.00"},{"v":1875,"d":"$1,875.00"},{"v":1875,"d":"$1,875.00"}]
[63,"Lawn Sprinkler System (Trible)","Lump Sum",1,{"v":5000,"d":"$5,000"},{"v":5000,"d":"$5,000.00"},{"v":3450,"d":"$3,450.00"},{"v":3450,"d":"$3,450.00"}]
[64,"Lawn Sprinkler System (Montrachet)","Lump Sum",1,{"v":15000,"d":"$15,000"},{"v":15000,"d":"$15,000.00"},{"v":11500,"d":"$11,500.00"},{"v":11500,"d":"$11,500.00"}]
[65,"Lawn Sprinkler System (Median)","Lump Sum",1,{"v":27000,"d":"$27,000"},{"v":27000,"d":"$27,000.00"},{"v":67000,"d":"$67,000.00"},{"v":67000,"d":"$67,000.00"},{"$f":"SUM(H76:H79)","v":{"v":83825,"d":"$83,825.00"}}]
[" ",{"$nulls":4},"",null,""]
[66,"Fence (Temporary Chain Link)(6')","Lin. Ft.",{"v":1738,"d":"1,738"},{"v":18,"d":"$18"},{"v":31284,"d":"$31,284.00"},{"v":6.5,"d":"$6.50"},{"v":11297,"d":"$11,297.00"}]
[67,"Fence (Temporary Construction)","Lin. Ft.",{"v":1000,"d":"1,000"},{"v":8,"d":"$8"},{"v":8000,"d":"$8,000.00"},{"v":2,"d":"$2.00"},{"v":2000,"d":"$2,000.00"}]
[68,"Fence (Permanent Wood Privacy) (Tract 5)","Lin. Ft.",82,{"v":40,"d":"$40"},{"v":3280,"d":"$3,280.00"},{"v":20.65,"d":"$20.65"},{"v":1693.3,"d":"$1,693.30"}]
[69,"Fence (Permanent Wood Privacy) (Tract 6)","Lin. Ft.",86,{"v":40,"d":"$40"},{"v":3440,"d":"$3,440.00"},{"v":20.65,"d":"$20.65"},{"v":1775.8999999999999,"d":"$1,775.90"}]
[70,"Fence (Permanent Wood Privacy) (Tract 7)","Lin. Ft.",71,{"v":40,"d":"$40"},{"v":2840,"d":"$2,840.00"},{"v":20.65,"d":"$20.65"},{"v":1466.1499999999999,"d":"$1,466.15"}]
[71,"Fence (Permanent Wood Privacy) (Tract 8)","Lin. Ft.",74,{"v":40,"d":"$40"},{"v":2960,"d":"$2,960.00"},{"v":20.65,"d":"$20.65"},{"v":1528.1,"d":"$1,528.10"}]
[72,"Fence (Permanent Wood Privacy) (Tract 12)","Lin. Ft.",72,{"v":40,"d":"$40"},{"v":2880,"d":"$2,880.00"},{"v":20.65,"d":"$20.65"},{"v":1486.8,"d":"$1,486.80"}]
[73,"Fence (Permanent Wood Privacy) (Tract 13)","Lin. Ft.",73,{"v":40,"d":"$40"},{"v":2920,"d":"$2,920.00"},{"v":20.65,"d":"$20.65"},{"v":1507.4499999999998,"d":"$1,507.45"}]
[74,"Fence (Permanent Wood Privacy) (Tract 14)","Lin. Ft.",72,{"v":40,"d":"$40"},{"v":2880,"d":"$2,880.00"},{"v":20.65,"d":"$20.65"},{"v":1486.8,"d":"$1,486.80"}]
[75,"Fence (Permanent Wood Privacy) (Tract 15)","Lin. Ft.",74,{"v":40,"d":"$40"},{"v":2960,"d":"$2,960.00"},{"v":20.65,"d":"$20.65"},{"v":1528.1,"d":"$1,528.10"}]
[76,"Fence (Permanent Wood Privacy) (Tract 16)","Lin. Ft.",112,{"v":40,"d":"$40"},{"v":4480,"d":"$4,480.00"},{"v":20.65,"d":"$20.65"},{"v":2312.7999999999997,"d":"$2,312.80"}]
[77,"Fence (Permanent Wood Privacy) (Tract 20)","Lin. Ft.",45,{"v":40,"d":"$40"},{"v":1800,"d":"$1,800.00"},{"v":20.65,"d":"$20.65"},{"v":929.2499999999999,"d":"$929.25"}]
[78,"Fence (Permanent Wood Privacy) (Tract 21)","Lin. Ft.",157,{"v":40,"d":"$40"},{"v":6280,"d":"$6,280.00"},{"v":20.65,"d":"$20.65"},{"v":3242.0499999999997,"d":"$3,242.05"}]
[79,"Fence (Permanent Wood Privacy) (Tract 22)","Lin. Ft.",110,{"v":40,"d":"$40"},{"v":4400,"d":"$4,400.00"},{"v":20.65,"d":"$20.65"},{"v":2271.5,"d":"$2,271.50"}]
[80,"Fence (Permanent Wood Privacy) (Tract 23)","Lin. Ft.",81,{"v":40,"d":"$40"},{"v":3240,"d":"$3,240.00"},{"v":20.65,"d":"$20.65"},{"v":1672.6499999999999,"d":"$1,672.65"}]
[81,"Fence (Permanent Wood Privacy) (Tract 24)","Lin. Ft.",75,{"v":40,"d":"$40"},{"v":3000,"d":"$3,000.00"},{"v":20.65,"d":"$20.65"},{"v":1548.75,"d":"$1,548.75"}]
[82,"Fence (Permanent Wood Privacy) (Tract 25)","Lin. Ft.",76,{"v":40,"d":"$40"},{"v":3040,"d":"$3,040.00"},{"v":20.65,"d":"$20.65"},{"v":1569.3999999999999,"d":"$1,569.40"}]
[83,"Fence (Permanent Wood Privacy) (Tract 26)","Lin. Ft.",85,{"v":40,"d":"$40"},{"v":3400,"d":"$3,400.00"},{"v":20.65,"d":"$20.65"},{"v":1755.2499999999998,"d":"$1,755.25"}]
[84,"Fence (Permanent Wood Privacy) (Tract 52)","Lin. Ft.",73,{"v":40,"d":"$40"},{"v":2920,"d":"$2,920.00"},{"v":20.65,"d":"$20.65"},{"v":1507.4499999999998,"d":"$1,507.45"}]
[85,"Fence (Permanent Wood Privacy) (Tract 53)","Lin. Ft.",157,{"v":40,"d":"$40"},{"v":6280,"d":"$6,280.00"},{"v":20.65,"d":"$20.65"},{"v":3242.0499999999997,"d":"$3,242.05"}]
[86,"Fence (Permanent Wood Privacy) (Tract 54)","Lin. Ft.",71,{"v":40,"d":"$40"},{"v":2840,"d":"$2,840.00"},{"v":20.65,"d":"$20.65"},{"v":1466.1499999999999,"d":"$1,466.15"}]
[87,"Fence (Permanent Wood Privacy) (Tract 55)","Lin. Ft.",75,{"v":40,"d":"$40"},{"v":3000,"d":"$3,000.00"},{"v":20.65,"d":"$20.65"},{"v":1548.75,"d":"$1,548.75"}]
[88,"Fence (Permanent Wood Privacy) (Tract 56)","Lin. Ft.",105,{"v":40,"d":"$40"},{"v":4200,"d":"$4,200.00"},{"v":20.65,"d":"$20.65"},{"v":2168.25,"d":"$2,168.25"}]
[89,"Fence (Permanent Wood Privacy) (Tract 66)","Lin. Ft.",52,{"v":40,"d":"$40"},{"v":2080,"d":"$2,080.00"},{"v":20.65,"d":"$20.65"},{"v":1073.8,"d":"$1,073.80"},{"$f":"SUM(H83:H104)","v":{"v":38780.700000000004,"d":"$38,780.70"}},{"$f":"I104+H48+H81","v":{"v":50899.200000000004,"d":"$50,899.20"}}]
[" ",{"$nulls":4},"",null,""]
[90,"Monument Construction (Aspen Hills)","Each",1,{"v":12000,"d":"$12,000"},{"v":12000,"d":"$12,000.00"},{"v":1175,"d":"$1,175.00"},{"v":1175,"d":"$1,175.00"}]
[91,"Monument Construction (Oak Park)","Each",1,{"v":4000,"d":"$4,000"},{"v":4000,"d":"$4,000.00"},{"v":3750,"d":"$3,750.00"},{"v":3750,"d":"$3,750.00"}]
[" ",{"$nulls":4},"",null,""]
[92,"Landscaping (Quivira Median)","Lump Sum",1,{"v":15000,"d":"$15,000"},{"v":15000,"d":"$15,000.00"},{"v":16650,"d":"$16,650.00"},{"v":16650,"d":"$16,650.00"},{"$f":"SUM(H106:H109)","v":{"v":21575,"d":"$21,575.00"}},{"$f":"I109+I79","v":{"v":105400,"d":"$105,400.00"}}]
[93,"Fescue Sod","Sq. Yd.",{"v":15078,"d":"15,078"},{"v":4,"d":"$4"},{"v":60312,"d":"$60,312.00"},{"v":3.1,"d":"$3.10"},{"v":46741.8,"d":"$46,741.80"}]
[94,"Bluegrass Sod","Sq. Yd.",193,{"v":4,"d":"$4"},{"v":772,"d":"$772.00"},{"v":3.1,"d":"$3.10"},{"v":598.3000000000001,"d":"$598.30"},{"$f":"H110+H111","v":{"v":47340.100000000006,"d":"$47,340.10"}}]
[95,"Hydraulic Mulching","Lb",{"v":14080,"d":"14,080"},{"v":0.4,"d":"$0.4"},{"v":5632,"d":"$5,632.00"},{"v":0.75,"d":"$0.75"},{"v":10560,"d":"$10,560.00"}]
[96,"Temporary Seeding","Acre",3.2,{"v":1800,"d":"$1,800"},{"v":5760,"d":"$5,760.00"},{"v":1000,"d":"$1,000.00"},{"v":3200,"d":"$3,200.00"}]
[97,"Silt Fence","Lin. Ft.",800,{"v":3,"d":"$3"},{"v":2400,"d":"$2,400.00"},{"v":1.75,"d":"$1.75"},{"v":1400,"d":"$1,400.00"}]
[98,"Sediment Removal","Cu. Yd.",100,{"v":50,"d":"$50"},{"v":5000,"d":"$5,000.00"},{"v":25,"d":"$25.00"},{"v":2500,"d":"$2,500.00"}]
[99,"Rock Barrier (6\")","Each",12,{"v":400,"d":"$400"},{"v":4800,"d":"$4,800.00"},{"v":250,"d":"$250.00"},{"v":3000,"d":"$3,000.00"}]
[100,"Straw Wattles","Lin. Ft.",{"v":1250,"d":"1,250"},{"v":50,"d":"$50"},{"v":62500,"d":"$62,500.00"},{"v":2.55,"d":"$2.55"},{"v":3187.5,"d":"$3,187.50"}]
[101,"Inlet Protection","Each",100,{"v":70,"d":"$70"},{"v":7000,"d":"$7,000.00"},{"v":92,"d":"$92.00"},{"v":9200,"d":"$9,200.00"},{"$f":"SUM(H112:H114)+H117+H118","v":{"v":27547.5,"d":"$27,547.50"}}]
[" ",{"$nulls":4},"",null,""]
[102,"Permanent Traffic Control Signs","Sq. Ft.",359,{"v":20,"d":"$20"},{"v":7180,"d":"$7,180.00"},{"v":17.5,"d":"$17.50"},{"v":6282.5,"d":"$6,282.50"}]
[103,"1-3/4\" x 1-3/4\" Sign Posts","Lin. Ft.",357,{"v":5,"d":"$5"},{"v":1785,"d":"$1,785.00"},{"v":6.15,"d":"$6.15"},{"v":2195.55,"d":"$2,195.55"}]
[104,"2\" x 2\" Sign Post Anchors","Lin. Ft.",111,{"v":6,"d":"$6"},{"v":666,"d":"$666.00"},{"v":7.2,"d":"$7.20"},{"v":799.2,"d":"$799.20"}]
[105,"2-1/4\" x 2-1/4\" Anchor Sleeves","Lin. Ft.",56,{"v":8,"d":"$8"},{"v":448,"d":"$448.00"},{"v":8.2,"d":"$8.20"},{"v":459.19999999999993,"d":"$459.20"}]
[106,"2-1/2\" x 2-1/2\" Sign Posts","Lin. Ft.",32,{"v":8,"d":"$8"},{"v":256,"d":"$256.00"},{"v":10.25,"d":"$10.25"},{"v":328,"d":"$328.00"}]
[107,"3\" x 3\" Sign Post Anchors","Lin. Ft.",9,{"v":10,"d":"$10"},{"v":90,"d":"$90.00"},{"v":15.4,"d":"$15.40"},{"v":138.6,"d":"$138.60"}]
[" ",{"$nulls":4},"",null,""]
[108,"Interim Pavement Markings","Lump Sum",1,{"v":9000,"d":"$9,000"},{"v":9000,"d":"$9,000.00"},{"v":2500,"d":"$2,500.00"},{"v":2500,"d":"$2,500.00"}]
[109,"4\" White Thermoplastic","Lin. Ft.",{"v":5925,"d":"5,925"},{"v":1,"d":"$1"},{"v":5925,"d":"$5,925.00"},{"v":0.62,"d":"$0.62"},{"v":3673.5,"d":"$3,673.50"}]
[110,"4\" Yellow Thermoplastic","Lin. Ft.",154,{"v":1,"d":"$1"},{"v":154,"d":"$154.00"},{"v":1.55,"d":"$1.55"},{"v":238.70000000000002,"d":"$238.70"}]
[111,"6\" White Thermoplastic","Lin. Ft.",{"v":1488,"d":"1,488"},{"v":1,"d":"$1"},{"v":1488,"d":"$1,488.00"},{"v":0.8,"d":"$0.80"},{"v":1190.4,"d":"$1,190.40"}]
[112,"8\" While Thermoplastic","Lin. Ft.",231,{"v":2,"d":"$2"},{"v":462,"d":"$462.00"},{"v":0.87,"d":"$0.87"},{"v":200.97,"d":"$200.97"}]
[113,"12\" White Pre-formed Thermoplastic","Lin. Ft.",124,{"v":3,"d":"$3"},{"v":372,"d":"$372.00"},{"v":2.7,"d":"$2.70"},{"v":334.8,"d":"$334.80"}]
[114,"24\" White Pre-formed Thermoplastic","Lin. Ft.",323,{"v":10,"d":"$10"},{"v":3230,"d":"$3,230.00"},{"v":11.3,"d":"$11.30"},{"v":3649.9,"d":"$3,649.90"}]
[115,"White Arrows Pre-formed Thermoplastic","Each",26,{"v":150,"d":"$150"},{"v":3900,"d":"$3,900.00"},{"v":135,"d":"$135.00"},{"v":3510,"d":"$3,510.00"}]
[116,"White \"Only\" Markings Pre-formed Thermoplastic","Each",1,{"v":150,"d":"$150"},{"$f":"IF((ISNUMBER($D135)),$D135*E135,\"\")","v":{"v":150,"d":"$150.00"}},{"v":205,"d":"$205.00"},{"$f":"IF((ISNUMBER($D135)),$D135*G135,\"\")","v":{"v":205,"d":"$205.00"}}]
[117,"8\" White Cold Plastic","Lin. Ft.",234,{"v":2,"d":"$2"},{"v":468,"d":"$468.00"},{"v":6.15,"d":"$6.15"},{"v":1439.1000000000001,"d":"$1,439.10"}]
[118,"White Arrows Cold Plastic","Each",2,{"v":150,"d":"$150"},{"v":300,"d":"$300.00"},{"v":405,"d":"$405.00"},{"v":810,"d":"$810.00"}]
[119,"White \"Only\" Markings Cold Plastic","Each",1,{"v":150,"d":"$150"},{"v":150,"d":"$150.00"},{"v":595,"d":"$595.00"},{"v":595,"d":"$595.00"},{"$f":"SUM(H120:H138)","v":{"v":28550.420000000002,"d":"$28,550.42"}}]
[" ",{"$nulls":4},"",null,""]
[120,"Street Lighting Installation","Lump Sum",1,{"v":220000,"d":"$220,000"},{"v":220000,"d":"$220,000.00"},{"v":166000,"d":"$166,000.00"},{"v":166000,"d":"$166,000.00"}]
[121,"Fiber Optic Communication System","Lump Sum",1,{"v":130000,"d":"$130,000"},{"v":130000,"d":"$130,000.00"},{"v":51000,"d":"$51,000.00"},{"v":51000,"d":"$51,000.00"}]
[" ",{"$nulls":4},"",null,""]
[122,"Traffic Signal Installation (99th)","Lump Sum",1,{"v":200000,"d":"$200,000"},{"v":200000,"d":"$200,000.00"},{"v":189000,"d":"$189,000.00"},{"v":189000,"d":"$189,000.00"}]
[123,"Traffic Signal Installation (103rd)","Lump Sum",1,{"v":220000,"d":"$220,000"},{"v":220000,"d":"$220,000.00"},{"v":255000,"d":"$255,000.00"},{"v":255000,"d":"$255,000.00"},{"$f":"SUM(H140:H144)","v":{"v":661000,"d":"$661,000.00"}}]
[" ",{"$nulls":4},"",null,""]
[124,"Land Corner Monument Box","Each",3,{"v":1800,"d":"$1,800"},{"v":5400,"d":"$5,400.00"},{"v":1200,"d":"$1,200.00"},{"v":3600,"d":"$3,600.00"}]
[125,"Traffic Control","Lump Sum",1,{"v":50886.5,"d":"$50,886.50"},{"v":50886.5,"d":"$50,886.50"},{"v":76500,"d":"$76,500.00"},{"v":76500,"d":"$76,500.00"}]
[126,"TWorks Sign Assembly","Each",2,{"v":500,"d":"$500"},{"v":1000,"d":"$1,000.00"},{"v":615,"d":"$615.00"},{"v":1230,"d":"$1,230.00"},{"$f":"SUM(H147:H148)","v":{"v":77730,"d":"$77,730.00"}},{"$f":"I138+I148","v":{"v":106280.42,"d":"$106,280.42"}}]
[]
[{"$nulls":4},{"$f":"SUM(F6:F148)","v":{"v":5464000,"d":"$5,464,000.00"}},null,{"$f":"SUM(H6:H148)","v":{"v":4997471.454999998,"d":"$4,997,471.46"}}]